All 3,142 County Seats of the United States on a Map - Statistics

General Stats
  • This quiz has been taken 11,799 times
  • The average score is 375 of 3142
Answers on the Map
Answers color-coded by a green-red scale on the quiz's map according to % correct below.
 
Answer Stats
State County County Seat % Correct
CA Los Angeles Los Angeles
73%
FL Miami-Dade Miami
73%
OK Ottawa Miami
73%
TX Roberts Miami
73%
DC District of Columbia Washington
72%
GA Wilkes Washington
72%
IN Daviess Washington
72%
IA Washington Washington
72%
KS Washington Washington
72%
NC Beaufort Washington
72%
PA Washington Washington
72%
VA Rappahannock Washington
72%
GA Paulding Dallas
70%
OR Polk Dallas
70%
TX Dallas Dallas
70%
CA Amador Jackson
69%
GA Butts Jackson
69%
KY Breathitt Jackson
69%
MI Jackson Jackson
69%
MN Jackson Jackson
69%
MO Cape Girardeau Jackson
69%
NC Northampton Jackson
69%
OH Jackson Jackson
69%
TN Madison Jackson
69%
WY Teton Jackson
69%
NV Clark Las Vegas
68%
NM San Miguel Las Vegas
68%
GA Houston Houston
66%
MO Texas Houston
66%
TX Harris Houston
66%
CA San Francisco San Francisco
66%
ID Washington Weiser
66%
IL Cook Chicago
64%
AZ Maricopa Phoenix
64%
WA King Seattle
64%
CO Denver Denver
63%
CA San Diego San Diego
63%
TX Duval San Diego
63%
MN Mower Austin
62%
TX Travis Austin
62%
MA Suffolk Boston
62%
MI Wayne Detroit
62%
IL Logan Lincoln
62%
KS Lincoln Lincoln
62%
NE Lancaster Lincoln
62%
HI Honolulu Honolulu
61%
IN Jay Portland
61%
ME Cumberland Portland
61%
OR Multnomah Portland
61%
LA Orleans New Orleans
60%
UT Salt Lake Salt Lake City
60%
FL Madison Madison
59%
GA Morgan Madison
59%
IN Jefferson Madison
59%
MN Lac qui Parle Madison
59%
NE Madison Madison
59%
SD Lake Madison
59%
VA Madison Madison
59%
WV Boone Madison
59%
WI Dane Madison
59%
CO Baca Springfield
59%
GA Effingham Springfield
59%
IL Sangamon Springfield
59%
KY Washington Springfield
59%
MA Hampden Springfield
59%
MO Greene Springfield
59%
OH Clark Springfield
59%
TN Robertson Springfield
59%
GA Dougherty Albany
58%
KY Clinton Albany
58%
MO Gentry Albany
58%
NY Albany Albany
58%
OR Linn Albany
58%
TX Shackelford Albany
58%
GA Muscogee Columbus
58%
IN Bartholomew Columbus
58%
KS Cherokee Columbus
58%
MS Lowndes Columbus
58%
MT Stillwater Columbus
58%
NE Platte Columbus
58%
NC Polk Columbus
58%
OH Franklin Columbus
58%
TX Colorado Columbus
58%
TX El Paso El Paso
58%
FL Duval Jacksonville
58%
IL Morgan Jacksonville
58%
NC Onslow Jacksonville
58%
FL Orange Orlando
58%
MS Neshoba Philadelphia
58%
PA Philadelphia Philadelphia
58%
GA White Cleveland
57%
OH Cuyahoga Cleveland
57%
TN Bradley Cleveland
57%
MS Chickasaw Houston / Okolona
57%
GA Jackson Jefferson
57%
IA Greene Jefferson
57%
NC Ashe Jefferson
57%
OH Ashtabula Jefferson
57%
TX Marion Jefferson
57%
WI Jefferson Jefferson
57%
FL Hillsborough Tampa
57%
AK Anchorage Anchorage
56%
GA Fulton Atlanta
56%
MI Montmorency Atlanta
56%
ID Ada Boise
56%
MN Wright Buffalo
56%
MO Dallas Buffalo
56%
NY Erie Buffalo
56%
OK Harper Buffalo
56%
SD Harding Buffalo
56%
WY Johnson Buffalo
56%
CA Sacramento Sacramento
56%
OK Oklahoma Oklahoma City
55%
TX Camp Pittsburg
55%
PA Indiana Indiana
54%
AK Juneau Juneau
54%
WI Dodge Juneau
54%
NM Bernalillo Albuquerque
53%
KS Wyandotte Kansas City
53%
FL Monroe Key West
53%
KS Riley Manhattan
53%
NY New York Manhattan
53%
AR Howard Nashville
53%
GA Berrien Nashville
53%
IL Washington Nashville
53%
IN Brown Nashville
53%
NC Nash Nashville
53%
TN Davidson Nashville
53%
NV Washoe Reno
53%
TX Bexar San Antonio
53%
NC Forsyth Winston-Salem
53%
LA East Baton Rouge Baton Rouge
52%
IL Coles Charleston
52%
MO Mississippi Charleston
52%
SC Charleston Charleston
52%
WV Kanawha Charleston
52%
KY Adair Columbia
52%
LA Caldwell Columbia
52%
MS Marion Columbia
52%
MO Boone Columbia
52%
NC Tyrrell Columbia
52%
SC Richland Columbia
52%
TN Maury Columbia
52%
MO Scotland Memphis
52%
TN Shelby Memphis
52%
TX Hall Memphis
52%
WI Milwaukee Milwaukee
52%
KS Ottawa Minneapolis
52%
MN Hennepin Minneapolis
52%
AR Fulton Salem
52%
IL Marion Salem
52%
IN Washington Salem
52%
MO Dent Salem
52%
NJ Salem Salem
52%
OR Marion Salem
52%
SD McCook Salem
52%
VA Roanoke Salem
52%
VA Salem Salem
52%
MO St. Louis City St. Louis
52%
MI Eaton Charlotte
51%
NC Mecklenburg Charlotte
51%
TN Dickson Charlotte
51%
OH Hamilton Cincinnati
51%
IN Marion Indianapolis
51%
IN Wayne Richmond
51%
KY Madison Richmond
51%
MO Ray Richmond
51%
TX Fort Bend Richmond
51%
VA Richmond Richmond
51%
CA Santa Clara San Jose
51%
MD Baltimore Baltimore
50%
AL Jefferson Birmingham
50%
OK Roger Mills Cheyenne
50%
WY Laramie Cheyenne
50%
MN Ramsey Saint Paul
50%
NE Howard Saint Paul
50%
NM Santa Fe Santa Fe
50%
FL Leon Tallahassee
50%
MS Bolivar Cleveland / Rosedale
49%
IA Polk Des Moines
49%
TX Tarrant Fort Worth
49%
AZ Pima Tucson
49%
AR Pulaski Little Rock
48%
AR Woodruff Augusta
47%
GA Richmond Augusta
47%
ME Kennebec Augusta
47%
NY Queens Queens
47%
MS Smith Raleigh
47%
NC Wake Raleigh
47%
NY Kings Brooklyn
46%
ND Grant Carson
46%
DE Kent Dover
46%
NH Strafford Dover
46%
TN Stewart Dover
46%
MI Oceana Hart
46%
GA Jefferson Louisville
46%
IL Clay Louisville
46%
KY Jefferson Louisville
46%
MS Winston Louisville
46%
AL Montgomery Montgomery
46%
CA Alameda Oakland
46%
MD Garrett Oakland
46%
NE Douglas Omaha
46%
TX Orange Orange
46%
VA Orange Orange
46%
RI Providence Providence
46%
MA Essex Salem / Lawrence
46%
OK Tulsa Tulsa
46%
MN Norman Ada
45%
OK Pontotoc Ada
45%
AR Phillips Helena
45%
MT Lewis and Clark Helena
45%
AR Franklin Ozark / Charleston
45%
ND Burleigh Bismarck
44%
MS Tallahatchie Charleston / Sumner
44%
CO El Paso Colorado Springs
44%
CT Hartford Hartford
44%
KY Ohio Hartford
44%
IN Fulton Rochester
44%
MN Olmsted Rochester
44%
NY Monroe Rochester
44%
NY Bronx Bronx
43%
KS Neosho Erie
43%
PA Erie Erie
43%
AK Fairbanks North Star Fairbanks
43%
AR Poinsett Harrisburg
43%
IL Saline Harrisburg
43%
NE Banner Harrisburg
43%
PA Dauphin Harrisburg
43%
AL Mobile Mobile
43%
GA Walton Monroe
43%
LA Ouachita Monroe
43%
MI Monroe Monroe
43%
NC Union Monroe
43%
WI Green Monroe
43%
IL Cass Virginia
43%
CA Fresno Fresno
42%
NJ Essex Newark
42%
OH Licking Newark
42%
FL Gilchrist Trenton
42%
GA Dade Trenton
42%
MO Grundy Trenton
42%
NE Hitchcock Trenton
42%
NJ Mercer Trenton
42%
NC Jones Trenton
42%
TN Gibson Trenton
42%
KS Sedgwick Wichita
42%
NV Carson City Carson City
41%
OH Montgomery Dayton
41%
TN Rhea Dayton
41%
WA Columbia Dayton
41%
WA Thurston Olympia
41%
GA Chatham Savannah
41%
MO Andrew Savannah
41%
TN Hardin Savannah
41%
SC Dorchester St. George
41%
UT Washington St. George
41%
IL Cumberland Toledo
41%
IA Tama Toledo
41%
OH Lucas Toledo
41%
WI Brown Green Bay
40%
SD Hughes Pierre
40%
SD Minnehaha Sioux Falls
40%
WA Spokane Spokane
40%
KS Hamilton Syracuse
40%
NY Onondaga Syracuse
40%
MT Yellowstone Billings
39%
NH Merrimack Concord
39%
NC Cabarrus Concord
39%
ND Cass Fargo
39%
IN Starke Knox
39%
GA Oglethorpe Lexington
39%
KY Fayette Lexington
39%
MS Holmes Lexington
39%
MO Lafayette Lexington
39%
NE Dawson Lexington
39%
NC Davidson Lexington
39%
SC Lexington Lexington
39%
TN Henderson Lexington
39%
VA Rockbridge Lexington
39%
VA Lexington Lexington
39%
IA Delaware Manchester
39%
KY Clay Manchester
39%
TN Coffee Manchester
39%
KS Shawnee Topeka
39%
CO Washington Akron
38%
OH Summit Akron
38%
MD Anne Arundel Annapolis
38%
MT Fallon Baker
38%
NY Richmond Staten Island
38%
DE New Castle Wilmington
38%
NC New Hanover Wilmington
38%
OH Clinton Wilmington
38%
NE York York
38%
PA York York
38%
SC York York
38%
TX Potter Amarillo
37%
AL Limestone Athens
37%
GA Clarke Athens
37%
OH Athens Athens
37%
TN McMinn Athens
37%
TX Henderson Athens
37%
VT Bennington Bennington / Manchester
37%
TX Nueces Corpus Christi
37%
MI Kent Grand Rapids
37%
MN Itasca Grand Rapids
37%
GA Crawford Knoxville
37%
IA Marion Knoxville
37%
TN Knox Knoxville
37%
KY Campbell Alexandria / Newport
36%
CO Boulder Boulder
36%
MT Jefferson Boulder
36%
CO Kit Carson Burlington
36%
IA Des Moines Burlington
36%
KS Coffey Burlington
36%
KY Boone Burlington
36%
MN St. Louis Duluth
36%
AZ Coconino Flagstaff
36%
MN Nicollet St. Peter
36%
VA Arlington Arlington
35%
CA Kern Bakersfield
35%
FL Broward Fort Lauderdale
35%
AL Chambers LaFayette
35%
GA Walker Lafayette
35%
IN Tippecanoe Lafayette
35%
LA Lafayette Lafayette
35%
TN Macon Lafayette
35%
TX Lubbock Lubbock
35%
NH Hillsborough Manchester / Nashua
35%
AR Jackson Newport
35%
IN Vermillion Newport
35%
NH Sullivan Newport
35%
OR Lincoln Newport
35%
RI Newport Newport
35%
TN Cocke Newport
35%
WA Pend Oreille Newport
35%
UT Utah Provo
35%
CA San Bernardino San Bernardino
35%
VA Virginia Beach Virginia Beach
35%
KY Edmonson Brownsville
34%
TN Haywood Brownsville
34%
TX Cameron Brownsville
34%
IN Clinton Frankfort
34%
KY Franklin Frankfort
34%
KY Laurel London
34%
OH Madison London
34%
CT New Haven New Haven
34%
ID Bear Lake Paris
34%
IL Edgar Paris
34%
KY Bourbon Paris
34%
ME Oxford Paris
34%
MO Monroe Paris
34%
TN Henry Paris
34%
TX Lamar Paris
34%
IA Cass Atlantic
33%
NC Durham Durham
33%
OR Lane Eugene
33%
AL Fayette Fayette
33%
MS Jefferson Fayette
33%
MO Howard Fayette
33%
AL Butler Greenville
33%
GA Meriwether Greenville
33%
IL Bond Greenville
33%
KY Muhlenberg Greenville
33%
MS Washington Greenville
33%
MO Wayne Greenville
33%
NC Pitt Greenville
33%
OH Darke Greenville
33%
SC Greenville Greenville
33%
TX Hunt Greenville
33%
VA Norfolk Norfolk
33%
CA Riverside Riverside
33%
CA Santa Barbara Santa Barbara
33%
WA Pierce Tacoma
33%
LA Rapides Alexandria
32%
MN Douglas Alexandria
32%
SD Hanson Alexandria
32%
VA Alexandria Alexandria
32%
NE Hamilton Aurora
32%
VT Orange Chelsea
32%
GA Heard Franklin
32%
IN Johnson Franklin
32%
KY Simpson Franklin
32%
LA St. Mary Franklin
32%
NE Franklin Franklin
32%
NC Macon Franklin
32%
PA Venango Franklin
32%
TN Williamson Franklin
32%
TX Robertson Franklin
32%
VA Franklin Franklin
32%
WV Pendleton Franklin
32%
AL Hale Greensboro
32%
GA Greene Greensboro
32%
NC Guilford Greensboro
32%
NJ Hudson Jersey City
32%
VT Grand Isle North Hero
32%
SD Clark Clark
31%
IN Allen Fort Wayne
31%
AL Madison Huntsville
31%
AR Madison Huntsville
31%
MO Randolph Huntsville
31%
TN Scott Huntsville
31%
TX Walker Huntsville
31%
PA Lackawanna Scranton
31%
MA Worcester Worcester
31%
MI Washtenaw Ann Arbor
30%
AR Washington Fayetteville
30%
GA Fayette Fayetteville
30%
NC Cumberland Fayetteville
30%
TN Lincoln Fayetteville
30%
WV Fayette Fayetteville
30%
TX Galveston Galveston
30%
MO Cole Jefferson City
30%
GA Floyd Rome
30%
LA Caddo Shreveport
30%
IA Woodbury Sioux City
30%
WA Clark Vancouver
30%
TX McLennan Waco
30%
IL Henry Cambridge
29%
MD Dorchester Cambridge
29%
MN Isanti Cambridge
29%
OH Guernsey Cambridge
29%
TN Hamilton Chattanooga
29%
AR Boone Harrison
29%
MI Clare Harrison
29%
NE Sioux Harrison
29%
KY Garrard Lancaster
29%
MO Schuyler Lancaster
29%
NH Coos Lancaster
29%
OH Fairfield Lancaster
29%
PA Lancaster Lancaster
29%
SC Lancaster Lancaster
29%
VA Lancaster Lancaster
29%
WI Grant Lancaster
29%
TX Webb Laredo
29%
AZ Yuma Yuma
29%
WY Natrona Casper
28%
NE Perkins Grant
28%
MA Middlesex Lowell / Cambridge
28%
FL Escambia Pensacola
28%
TX Smith Tyler
28%
PA Lehigh Allentown
27%
NC Buncombe Asheville
27%
OR Deschutes Bend
27%
IA Linn Cedar Rapids
27%
CA Humboldt Eureka
27%
IL Woodford Eureka
27%
KS Greenwood Eureka
27%
NV Eureka Eureka
27%
MI Genesee Flint
27%
AL Marion Hamilton
27%
GA Harris Hamilton
27%
MT Ravalli Hamilton
27%
OH Butler Hamilton
27%
TX Hamilton Hamilton
27%
HI Hawaii Hilo
27%
GA Bibb Macon
27%
MS Noxubee Macon
27%
MO Macon Macon
27%
CA Orange Santa Ana
27%
ME Penobscot Bangor
26%
CA Mono Bridgeport
26%
CT Fairfield Bridgeport
26%
NE Morrill Bridgeport
26%
FL Liberty Bristol
26%
RI Bristol Bristol
26%
VA Bristol Bristol
26%
AK Nome Nome
26%
PA Allegheny Pittsburgh
26%
IN Marshall Plymouth
26%
NC Washington Plymouth
26%
IN St. Joseph South Bend
26%
WA Pacific South Bend
26%
CO Larimer Fort Collins
25%
FL Alachua Gainesville
25%
GA Hall Gainesville
25%
MO Ozark Gainesville
25%
TX Cooke Gainesville
25%
IA Johnson Iowa City
25%
NM Doña Ana Las Cruces
25%
MT Missoula Missoula
25%
UT Weber Ogden
25%
MS Lafayette Oxford
25%
NC Granville Oxford
25%
WV Pleasants Saint Marys
25%
CA San Joaquin Stockton
25%
KS Rooks Stockton
25%
MO Cedar Stockton
25%
AL Tuscaloosa Tuscaloosa
25%
IL Randolph Chester
24%
MT Liberty Chester
24%
SC Chester Chester
24%
NJ Union Elizabeth
24%
WV Wirt Elizabeth
24%
CO Clear Creek Georgetown
24%
DE Sussex Georgetown
24%
GA Quitman Georgetown
24%
KY Scott Georgetown
24%
OH Brown Georgetown
24%
SC Georgetown Georgetown
24%
TX Williamson Georgetown
24%
KS Douglas Lawrence
24%
MI Midland Midland
24%
TX Midland Midland
24%
GA Calhoun Morgan
24%
UT Morgan Morgan
24%
IL Peoria Peoria
24%
OH Scioto Portsmouth
24%
VA Portsmouth Portsmouth
24%
VA Roanoke Roanoke
24%
MI Chippewa Sault Ste. Marie
24%
NY Oneida Utica
24%
MT Gallatin Bozeman
23%
MT Silver Bow Butte
23%
NE Boyd Butte
23%
AL Wilcox Camden
23%
AR Ouachita Camden
23%
NJ Camden Camden
23%
NC Camden Camden
23%
SC Kershaw Camden
23%
TN Benton Camden
23%
VA Chesapeake Chesapeake
23%
IA Scott Davenport
23%
WA Lincoln Davenport
23%
AR Calhoun Hampton
23%
IA Franklin Hampton
23%
SC Hampton Hampton
23%
VA Hampton Hampton
23%
ID Bonneville Idaho Falls
23%
MI Gratiot Ithaca
23%
NY Tompkins Ithaca
23%
ID Latah Moscow
23%
TX Ector Odessa
23%
CO Pueblo Pueblo
23%
CO Pitkin Aspen
22%
MA Plymouth Brockton / Plymouth
22%
GA Cherokee Canton
22%
MS Madison Canton
22%
NY St. Lawrence Canton
22%
OH Stark Canton
22%
SD Lincoln Canton
22%
TX Van Zandt Canton
22%
VA Albemarle Charlottesville
22%
VA Charlottesville Charlottesville
22%
AR Van Buren Clinton
22%
IL De Witt Clinton
22%
IA Clinton Clinton
22%
KY Hickman Clinton
22%
LA East Feliciana Clinton
22%
MO Henry Clinton
22%
NC Sampson Clinton
22%
TN Anderson Clinton
22%
WI Eau Claire Eau Claire
22%
FL Lee Fort Myers
22%
KY Henderson Henderson
22%
NC Vance Henderson
22%
TN Chester Henderson
22%
TX Rusk Henderson
22%
IN Huntington Huntington
22%
WV Cabell Huntington
22%
AL Coosa Rockford
22%
IL Winnebago Rockford
22%
CA Santa Cruz Santa Cruz
22%
AR Miller Texarkana
22%
AK North Slope Utqiagvik
22%
GA Columbia Appling / Evans
21%
CA Placer Auburn
21%
IN DeKalb Auburn
21%
ME Androscoggin Auburn
21%
NE Nemaha Auburn
21%
NY Cayuga Auburn
21%
OK Beaver Beaver
21%
PA Beaver Beaver
21%
UT Beaver Beaver
21%
AR Saline Benton
21%
IL Franklin Benton
21%
KY Marshall Benton
21%
LA Bossier Benton
21%
MO Scott Benton
21%
TN Polk Benton
21%
IL McLean Bloomington
21%
IN Monroe Bloomington
21%
GA Laurens Dublin
21%
MD Frederick Frederick
21%
OK Tillman Frederick
21%
CO Mesa Grand Junction
21%
KY Russell Jamestown
21%
ND Stutsman Jamestown
21%
TN Fentress Jamestown
21%
MI Kalamazoo Kalamazoo
21%
CA Napa Napa
21%
FL Bay Panama City
21%
SD Pennington Rapid City
21%
CA Shasta Redding
21%
CO Costilla San Luis
21%
NE Loup Taylor
21%
OH Mahoning Youngstown
21%
ID Kootenai Coeur d'Alene
20%
MD Caroline Denton
20%
TX Denton Denton
20%
TX Hidalgo Edinburg
20%
IN Vanderburgh Evansville
20%
AL Lauderdale Florence
20%
AZ Pinal Florence
20%
SC Florence Florence
20%
WI Florence Florence
20%
MO Jackson Independence / Kansas City
20%
WI Kenosha Kenosha
20%
WY Albany Laramie
20%
KY Butler Morgantown
20%
WV Monongalia Morgantown
20%
VA Newport News Newport News
20%
OK Cleveland Norman
20%
KY Whitley Williamsburg
20%
VA James City Williamsburg
20%
VA Williamsburg Williamsburg
20%
KS Dickinson Abilene
19%
TX Taylor Abilene
19%
AR Johnson Clarksville
19%
TN Montgomery Clarksville
19%
TX Red River Clarksville
19%
NV Elko Elko
19%
MO Caldwell Kingston
19%
NY Ulster Kingston
19%
TN Roane Kingston
19%
ID Nez Perce Lewiston
19%
IA Harrison Logan
19%
OH Hocking Logan
19%
UT Cache Logan
19%
WV Logan Logan
19%
MI Marquette Marquette
19%
SD Bennett Martin
19%
VA Highland Monterey
19%
IN Henry New Castle
19%
KY Henry New Castle
19%
PA Lawrence New Castle
19%
VA Craig New Castle
19%
WY Weston Newcastle
19%
CA Plumas Quincy
19%
FL Gadsden Quincy
19%
IL Adams Quincy
19%
PA Berks Reading
19%
NM Chaves Roswell
19%
KS Stafford Saint John
19%
CA Sonoma Santa Rosa
19%
NM Guadalupe Santa Rosa
19%
FL Sarasota Sarasota
19%
AZ Apache St. Johns
19%
MI Clinton St. Johns
19%
VA Suffolk Suffolk
19%
AL Pike Troy
19%
KS Doniphan Troy
19%
MO Lincoln Troy
19%
NY Rensselaer Troy
19%
NC Montgomery Troy
19%
OH Miami Troy
19%
TX Victoria Victoria
19%
AR Bradley Warren
19%
MN Marshall Warren
19%
OH Trumbull Warren
19%
PA Warren Warren
19%
TX Wichita Wichita Falls
19%
WA Yakima Yakima
19%
MS Monroe Aberdeen
18%
SD Brown Aberdeen
18%
KY Warren Bowling Green
18%
MO Pike Bowling Green
18%
OH Wood Bowling Green
18%
VA Caroline Bowling Green
18%
AL Morgan Decatur
18%
GA DeKalb Decatur
18%
IL Macon Decatur
18%
IN Adams Decatur
18%
MS Newton Decatur
18%
TN Meigs Decatur
18%
TX Wise Decatur
18%
ND Grand Forks Grand Forks
18%
MA Nantucket Nantucket
18%
GA Hancock Sparta
18%
NC Alleghany Sparta
18%
TN White Sparta
18%
WI Monroe Sparta
18%
WA Walla Walla Walla Walla
18%
NE Wayne Wayne
18%
WV Wayne Wayne
18%
WV Ohio Wheeling
18%
IN Madison Anderson
17%
SC Anderson Anderson
17%
TX Grimes Anderson
17%
WI Outagamie Appleton
17%
TX Jefferson Beaumont
17%
WA Whatcom Bellingham
17%
WV Clay Clay
17%
FL Pinellas Clearwater
17%
KS Ford Dodge City
17%
KY Barren Glasgow
17%
MT Valley Glasgow
17%
CA Inyo Independence
17%
IA Buchanan Independence
17%
KS Montgomery Independence
17%
VA Grayson Independence
17%
CA Stanislaus Modesto
17%
GA Baker Newton
17%
IL Jasper Newton
17%
IA Jasper Newton
17%
KS Harvey Newton
17%
NJ Sussex Newton
17%
NC Catawba Newton
17%
TX Newton Newton
17%
IL Bureau Princeton
17%
IN Gibson Princeton
17%
KY Caldwell Princeton
17%
MO Mercer Princeton
17%
WV Mercer Princeton
17%
MO Buchanan Saint Joseph
17%
CA San Luis Obispo San Luis Obispo
17%
LA Tensas St. Joseph
17%
MI Berrien St. Joseph
17%
MO Franklin Union
17%
SC Union Union
17%
WV Monroe Union
17%
AR Crawford Van Buren
17%
MO Carter Van Buren
17%
CA Ventura Ventura
17%
FL Palm Beach West Palm Beach
17%
NC Wilson Wilson
17%
IL Scott Winchester
17%
IN Randolph Winchester
17%
KY Clark Winchester
17%
TN Franklin Winchester
17%
VA Frederick Winchester
17%
VA Winchester Winchester
17%
GA Grady Cairo
16%
IL Alexander Cairo
16%
KY Kenton Covington / Independence
16%
IA Dubuque Dubuque
16%
CO Eagle Eagle
16%
VA Fairfax Fairfax
16%
VA Fairfax Fairfax
16%
CA Solano Fairfield
16%
ID Camas Fairfield
16%
IL Wayne Fairfield
16%
IA Jefferson Fairfield
16%
TX Freestone Fairfield
16%
ME Franklin Farmington
16%
MO St. Francois Farmington
16%
UT Davis Farmington
16%
NE Dodge Fremont
16%
OH Sandusky Fremont
16%
NY Columbia Hudson
16%
WI St. Croix Hudson
16%
KS Stanton Johnson City
16%
TX Blanco Johnson City
16%
IL Will Joliet
16%
GA Clayton Jonesboro
16%
IL Union Jonesboro
16%
LA Jackson Jonesboro
16%
AK Kodiak Island Kodiak
16%
GA Lanier Lakeland
16%
AL Perry Marion
16%
AR Crittenden Marion
16%
IL Williamson Marion
16%
IN Grant Marion
16%
KS Marion Marion
16%
KY Crittenden Marion
16%
NC McDowell Marion
16%
OH Marion Marion
16%
SC Marion Marion
16%
VA Smyth Marion
16%
AR Searcy Marshall
16%
IL Clark Marshall
16%
MI Calhoun Marshall
16%
MN Lyon Marshall
16%
MO Saline Marshall
16%
NC Madison Marshall
16%
TX Harrison Marshall
16%
OK Grant Medford
16%
OR Jackson Medford
16%
WI Taylor Medford
16%
AR Izard Melbourne
16%
IL Grundy Morris
16%
MN Stevens Morris
16%
CT New London New London
16%
MO Ralls New London
16%
NE Garden Oshkosh
16%
WI Winnebago Oshkosh
16%
AZ La Paz Parker
16%
SD Turner Parker
16%
ID Bannock Pocatello
16%
WI Racine Racine
16%
MI Saginaw Saginaw
16%
KS Saline Salina
16%
AK Sitka Sitka
16%
FL St. Johns St. Augustine
16%
MT Mineral Superior
16%
WI Douglas Superior
16%
MI Grand Traverse Traverse City
16%
AL Clay Ashland
15%
KS Clark Ashland
15%
MS Benton Ashland
15%
OH Ashland Ashland
15%
WI Ashland Ashland
15%
NY Broome Binghamton
15%
IA Cherokee Cherokee
15%
OK Alfalfa Cherokee
15%
OH Delaware Delaware
15%
TX Gillespie Fredericksburg
15%
VA Fredericksburg Fredericksburg
15%
PA Adams Gettysburg
15%
SD Potter Gettysburg
15%
MT Cascade Great Falls
15%
KY Estill Irvine
15%
LA Calcasieu Lake Charles
15%
IN Boone Lebanon
15%
KY Marion Lebanon
15%
MO Laclede Lebanon
15%
OH Warren Lebanon
15%
PA Lebanon Lebanon
15%
TN Wilson Lebanon
15%
VA Russell Lebanon
15%
TN Moore Lynchburg
15%
VA Lynchburg Lynchburg
15%
IA Story Nevada
15%
MO Vernon Nevada
15%
IL Ogle Oregon
15%
MO Holt Oregon
15%
NJ Passaic Paterson
15%
AK Petersburg Petersburg
15%
IL Menard Petersburg
15%
IN Pike Petersburg
15%
VA Petersburg Petersburg
15%
WV Grant Petersburg
15%
NY Dutchess Poughkeepsie
15%
ID Twin Falls Twin Falls
15%
GA Wheeler Alamo
14%
TN Crockett Alamo
14%
MI Bay Bay City
14%
TX Matagorda Bay City
14%
AR Benton Bentonville
14%
MI Tuscola Caro
14%
GA Coffee Douglas
14%
WY Converse Douglas
14%
NV White Pine Ely
14%
WY Uinta Evanston
14%
WA Snohomish Everett
14%
CO Weld Greeley
14%
NE Greeley Greeley
14%
IL Montgomery Hillsboro
14%
MO Jefferson Hillsboro
14%
ND Traill Hillsboro
14%
OH Highland Hillsboro
14%
OR Washington Hillsboro
14%
TX Hill Hillsboro
14%
AR Garland Hot Springs
14%
SD Fall River Hot Springs
14%
SD Oglala Lakota Hot Springs
14%
SD Beadle Huron
14%
KS Rush La Crosse
14%
WI La Crosse La Crosse
14%
AR Craighead Lake City / Jonesboro
14%
MI Ingham Mason
14%
TX Mason Mason
14%
ND Ward Minot
14%
GA Montgomery Mount Vernon
14%
IL Jefferson Mount Vernon
14%
IN Posey Mount Vernon
14%
KY Rockcastle Mount Vernon
14%
MO Lawrence Mount Vernon
14%
OH Knox Mount Vernon
14%
TX Franklin Mount Vernon
14%
WA Skagit Mount Vernon
14%
AR Pike Murfreesboro
14%
TN Rutherford Murfreesboro
14%
NE Pierce Pierce
14%
MI Sanilac Sandusky
14%
OH Erie Sandusky
14%
MN Stearns St. Cloud
14%
NM Taos Taos
14%
IL Champaign Urbana
14%
OH Champaign Urbana
14%
PA Luzerne Wilkes-Barre
14%
IN Lawrence Bedford
13%
IA Taylor Bedford
13%
KY Trimble Bedford
13%
PA Bedford Bedford
13%
VA Bedford Bedford
13%
IA Boone Boone
13%
NC Watauga Boone
13%
GA Glynn Brunswick
13%
AL Choctaw Butler
13%
GA Taylor Butler
13%
MO Bates Butler
13%
PA Butler Butler
13%
WY Park Cody
13%
OR Benton Corvallis
13%
GA Newton Covington
13%
IN Fountain Covington
13%
LA St. Tammany Covington
13%
TN Tipton Covington
13%
VA Alleghany Covington
13%
VA Covington Covington
13%
MD Allegany Cumberland
13%
VA Cumberland Cumberland
13%
IL Vermilion Danville
13%
IN Hendricks Danville
13%
KY Boyle Danville
13%
PA Montour Danville
13%
VA Danville Danville
13%
CO La Plata Durango
13%
MS Forrest Hattiesburg
13%
AL Walker Jasper
13%
AR Newton Jasper
13%
FL Hamilton Jasper
13%
GA Pickens Jasper
13%
IN Dubois Jasper
13%
TN Marion Jasper
13%
TX Jasper Jasper
13%
AK Ketchikan Gateway Ketchikan
13%
IN Union Liberty
13%
KY Casey Liberty
13%
MS Amite Liberty
13%
MO Clay Liberty
13%
TX Liberty Liberty
13%
OH Allen Lima
13%
NM Los Alamos Los Alamos
13%
CA Merced Merced
13%
MS Lauderdale Meridian
13%
TX Bosque Meridian
13%
GA Jenkins Millen
13%
UT Grand Moab
13%
MA Hampshire Northampton
13%
FL Marion Ocala
13%
AZ Yavapai Prescott
13%
AR Nevada Prescott
13%
NY Schenectady Schenectady
13%
WI Sheboygan Sheboygan
13%
SC Spartanburg Spartanburg
13%
MS Lee Tupelo
13%
OR Clatsop Astoria
12%
ME Waldo Belfast
12%
CO Adams Brighton
12%
GA Haralson Buchanan
12%
AL Pickens Carrollton
12%
GA Carroll Carrollton
12%
IL Greene Carrollton
12%
KY Carroll Carrollton
12%
MO Carroll Carrollton
12%
OH Carroll Carrollton
12%
AL Barbour Clayton
12%
GA Rabun Clayton
12%
MO St. Louis Clayton
12%
NM Union Clayton
12%
TX Delta Cooper
12%
WY Campbell Gillette
12%
VA Gloucester Gloucester
12%
CO Jefferson Golden
12%
NE Hall Grand Island
12%
NY Fulton Johnstown
12%
MO Sullivan Milan
12%
KY McCracken Paducah
12%
TX Cottle Paducah
12%
FL Taylor Perry
12%
OK Noble Perry
12%
CA Monterey Salinas
12%
MD Wicomico Salisbury
12%
NC Rowan Salisbury
12%
AR Grant Sheridan
12%
WY Sheridan Sheridan
12%
TX Grayson Sherman
12%
IN Vigo Terre Haute
12%
OR Malheur Vale
12%
MS Warren Vicksburg
12%
IN Kosciusko Warsaw
12%
KY Gallatin Warsaw
12%
MO Benton Warsaw
12%
NY Wyoming Warsaw
12%
VA Richmond Warsaw
12%
IL Monroe Waterloo
12%
IA Black Hawk Waterloo
12%
NY Seneca Waterloo
12%
NY Jefferson Watertown
12%
SD Codington Watertown
12%
PA Chester West Chester
12%
NY Westchester White Plains
12%
ME Sagadahoc Bath
11%
NY Steuben Bath
11%
AK Bethel Bethel
11%
OH Williams Bryan
11%
TX Brazos Bryan
11%
MO Moniteau California
11%
NM Eddy Carlsbad
11%
IA Carroll Carroll
11%
NE Knox Center
11%
ND Oliver Center
11%
TX Shelby Center
11%
CO Gilpin Central City
11%
NE Merrick Central City
11%
AR Faulkner Conway
11%
SC Horry Conway
11%
ID Adams Council
11%
MD Talbot Easton
11%
PA Northampton Easton
11%
UT Millard Fillmore
11%
MS Itawamba Fulton
11%
MO Callaway Fulton
11%
AL Geneva Geneva
11%
IL Kane Geneva
11%
NE Fillmore Geneva
11%
NM Cibola Grants
11%
GA Jones Gray
11%
AR Ashley Hamburg
11%
VA Hanover Hanover
11%
IL Calhoun Hardin
11%
MT Big Horn Hardin
11%
LA Catahoula Harrisonburg
11%
VA Rockingham Harrisonburg
11%
VA Harrisonburg Harrisonburg
11%
FL Osceola Kissimmee
11%
AL Sumter Livingston
11%
LA Livingston Livingston
11%
MT Park Livingston
11%
TN Overton Livingston
11%
TX Polk Livingston
11%
GA Cobb Marietta
11%
OH Washington Marietta
11%
OK Love Marietta
11%
TX Collin McKinney
11%
MO Audrain Mexico
11%
IA Henry Mount Pleasant
11%
TX Titus Mount Pleasant
11%
MI Muskegon Muskegon
11%
NY Chenango Norwich
11%
KS Johnson Olathe
11%
IL LaSalle Ottawa
11%
KS Franklin Ottawa
11%
OH Putnam Ottawa
11%
CT Tolland Rockville
11%
IN Parke Rockville
11%
MD Montgomery Rockville
11%
MO St. Charles Saint Charles
11%
TX Tom Green San Angelo
11%
AL Dallas Selma
11%
MT Toole Shelby
11%
NC Cleveland Shelby
11%
MN Washington Stillwater
11%
OK Payne Stillwater
11%
VA Sussex Sussex
11%
GA Lowndes Valdosta
11%
WI Waukesha Waukesha
11%
NE Arthur Arthur
10%
CO Summit Breckenridge
10%
MN Wilkin Breckenridge
10%
TX Stephens Breckenridge
10%
SC Chesterfield Chesterfield
10%
VA Chesterfield Chesterfield
10%
AR Yell Dardanelle / Danville
10%
MS Kemper De Kalb
10%
AL Houston Dothan
10%
OK Garfield Enid
10%
NM McKinley Gallup
10%
MD Washington Hagerstown
10%
AR Hempstead Hope
10%
MT Flathead Kalispell
10%
AZ Mohave Kingman
10%
KS Kingman Kingman
10%
GA Lee Leesburg
10%
VA Loudoun Leesburg
10%
ND Ransom Lisbon
10%
OH Columbiana Lisbon
10%
LA De Soto Mansfield
10%
OH Richland Mansfield
10%
CA Yuba Marysville
10%
KS Marshall Marysville
10%
OH Union Marysville
10%
CT Middlesex Middletown
10%
IN Delaware Muncie
10%
KY Daviess Owensboro
10%
AR Jefferson Pine Bluff
10%
IL Pike Pittsfield
10%
MA Berkshire Pittsfield
10%
TX Hays San Marcos
10%
KY Lincoln Stanford
10%
MT Judith Basin Stanford
10%
CO Logan Sterling
10%
TX Oldham Vega
10%
GA Dooly Vienna
10%
IL Johnson Vienna
10%
MO Maries Vienna
10%
CA Tulare Visalia
10%
VA Amherst Amherst
9%
TX Andrews Andrews
9%
NM San Juan Aztec
9%
MA Barnstable Barnstable
9%
CO Broomfield Broomfield
9%
ID Canyon Caldwell
9%
OH Noble Caldwell
9%
TX Burleson Caldwell
9%
WV Jefferson Charles Town
9%
NM Curry Clovis
9%
IA Pottawattamie Council Bluffs
9%
IA Hardin Eldora
9%
IL Hardin Elizabethtown
9%
KY Hardin Elizabethtown
9%
NY Essex Elizabethtown
9%
NC Bladen Elizabethtown
9%
KS Morton Elkhart
9%
NY Chemung Elmira
9%
WI Fond du Lac Fond du Lac
9%
MN Koochiching International Falls
9%
WI Rock Janesville
9%
NE Buffalo Kearney
9%
OR Klamath Klamath Falls
9%
CO Hinsdale Lake City
9%
FL Columbia Lake City
9%
MI Missaukee Lake City
9%
OK Comanche Lawton
9%
TX Gregg Longview
9%
VA Prince William Manassas
9%
VA Manassas Manassas
9%
KS Jewell Mankato
9%
MN Blue Earth Mankato
9%
SD Hand Miller
9%
SD Davison Mitchell
9%
AR Drew Monticello
9%
FL Jefferson Monticello
9%
GA Jasper Monticello
9%
IL Piatt Monticello
9%
IN White Monticello
9%
KY Wayne Monticello
9%
MS Lawrence Monticello
9%
MO Lewis Monticello
9%
NY Sullivan Monticello
9%
UT San Juan Monticello
9%
NJ Morris Morristown
9%
TN Hamblen Morristown
9%
TX Comal New Braunfels
9%
NJ Middlesex New Brunswick
9%
AZ Santa Cruz Nogales
9%
KS Labette Oswego
9%
NY Oswego Oswego
9%
AL Dale Ozark
9%
MO Christian Ozark
9%
WV Wood Parkersburg
9%
MO Clinton Plattsburg
9%
IL Livingston Pontiac
9%
MI Oakland Pontiac
9%
WA Clallam Port Angeles
9%
GA Webster Preston
9%
ID Franklin Preston
9%
MN Fillmore Preston
9%
VT Rutland Rutland
9%
KY Pulaski Somerset
9%
PA Somerset Somerset
9%
NM Sierra Truth or Consequences
9%
TX Uvalde Uvalde
9%
MS Carroll Vaiden / Carrollton
9%
AL Lamar Vernon
9%
IN Jennings Vernon
9%
TX Wilbarger Vernon
9%
IL Lake Waukegan
9%
WI Marathon Wausau
9%
KS Sumner Wellington
9%
TX Collingsworth Wellington
9%
IN Warren Williamsport
9%
PA Lycoming Williamsport
9%
NC Bertie Windsor
9%
NV Humboldt Winnemucca
9%
CA Sutter Yuba City
9%
TX Brewster Alpine
8%
ND Golden Valley Beach
8%
NC Carteret Beaufort
8%
SC Beaufort Beaufort
8%
MN Beltrami Bemidji
8%
GA Gordon Calhoun
8%
KY McLean Calhoun
8%
TX Randall Canyon
8%
OK Lincoln Chandler
8%
CA Del Norte Crescent City
8%
SD Custer Custer
8%
NC Stokes Danbury
8%
TX Val Verde Del Rio
8%
CO Delta Delta
8%
ND Stark Dickinson
8%
CA Imperial El Centro
8%
AR Union El Dorado
8%
KS Butler El Dorado
8%
TX Schleicher Eldorado
8%
MS Scott Forest
8%
KS Finney Garden City
8%
TX Glasscock Garden City
8%
NC Alamance Graham
8%
TX Young Graham
8%
MS Leflore Greenwood
8%
SC Greenwood Greenwood
8%
MI Barry Hastings
8%
MN Dakota Hastings
8%
NE Adams Hastings
8%
TX Waller Hempstead
8%
GA Banks Homer
8%
LA Claiborne Homer
8%
MI Houghton Houghton
8%
KS Elk Howard
8%
SD Miner Howard
8%
IN Howard Kokomo
8%
CO Prowers Lamar
8%
MO Barton Lamar
8%
CO Arapahoe Littleton
8%
IN Morgan Martinsville
8%
VA Henry Martinsville
8%
VA Martinsville Martinsville
8%
CO Montrose Montrose
8%
PA Susquehanna Montrose
8%
NE Lincoln North Platte
8%
WA Franklin Pasco
8%
IL Rock Island Rock Island
8%
ME Knox Rockland
8%
IN Spencer Rockport
8%
MO Atchison Rock Port
8%
TX Aransas Rockport
8%
TX Edwards Rocksprings
8%
AK Skagway Skagway
8%
NJ Somerset Somerville
8%
TN Fayette Somerville
8%
VA Augusta Staunton
8%
VA Staunton Staunton
8%
CO Routt Steamboat Springs
8%
MN Watonwan St. James
8%
SC Sumter Sumter
8%
GA Burke Waynesboro
8%
MS Wayne Waynesboro
8%
TN Wayne Waynesboro
8%
VA Waynesboro Waynesboro
8%
MD Carroll Westminster
8%
CA Siskiyou Yreka
8%
NM Otero Alamogordo
7%
CO Alamosa Alamosa
7%
WV Raleigh Beckley
7%
IL St. Clair Belleville
7%
KS Republic Belleville
7%
FL Manatee Bradenton
7%
SD Brookings Brookings
7%
OR Harney Burns
7%
LA Cameron Cameron
7%
TX Milam Cameron
7%
KY Nicholas Carlisle
7%
PA Cumberland Carlisle
7%
IL Hancock Carthage
7%
MS Leake Carthage
7%
MO Jasper Carthage
7%
NC Moore Carthage
7%
TN Smith Carthage
7%
TX Panola Carthage
7%
IA Appanoose Centerville
7%
MO Reynolds Centerville
7%
TN Hickman Centerville
7%
TX Leon Centerville
7%
AL Cherokee Centre
7%
NY Otsego Cooperstown
7%
ND Griggs Cooperstown
7%
CO Moffat Craig
7%
GA Whitfield Dalton
7%
TX Maverick Eagle Pass
7%
KS Lyon Emporia
7%
VA Greensville Emporia
7%
VA Emporia Emporia
7%
AL Etowah Gadsden
7%
OR Josephine Grants Pass
7%
IN Hancock Greenfield
7%
IA Adair Greenfield
7%
MA Franklin Greenfield
7%
MO Dade Greenfield
7%
WY Sweetwater Green River
7%
IN Decatur Greensburg
7%
KS Kiowa Greensburg
7%
KY Green Greensburg
7%
LA St. Helena Greensburg
7%
PA Westmoreland Greensburg
7%
CO Gunnison Gunnison
7%
NC Halifax Halifax
7%
VA Halifax Halifax
7%
MT Hill Havre
7%
KS Ellis Hays
7%
TX Deaf Smith Hereford
7%
LA Terrebonne Houma
7%
NE Chase Imperial
7%
MT Garfield Jordan
7%
TX Kimble Junction
7%
UT Piute Junction
7%
IL Kankakee Kankakee
7%
GA Troup LaGrange
7%
IN LaGrange LaGrange
7%
KY Oldham La Grange
7%
TX Fayette La Grange
7%
KS Leavenworth Leavenworth
7%
CA Madera Madera
7%
CA Mariposa Mariposa
7%
PA Mercer Mercer
7%
FL Santa Rosa Milton
7%
VT Washington Montpelier
7%
KY Calloway Murray
7%
OK Muskogee Muskogee
7%
MS Adams Natchez
7%
KS Norton Norton
7%
VA Norton Norton
7%
FL Okeechobee Okeechobee
7%
AK Matanuska-Susitna Palmer
7%
TX Reeves Pecos
7%
WI Price Phillips
7%
MI St. Clair Port Huron
7%
CA San Mateo Redwood City
7%
KS Russell Russell
7%
FL Seminole Sanford
7%
NC Lee Sanford
7%
CA Marin San Rafael
7%
TX Gaines Seminole
7%
KS Nemaha Seneca
7%
NE Seward Seward
7%
OK Pottawatomie Shawnee
7%
SD Meade Sturgis
7%
AL Talladega Talladega
7%
CO San Miguel Telluride
7%
MD Baltimore Towson
7%
TN Obion Union City
7%
MN Cass Walker
7%
WV Lewis Weston
7%
WV Mingo Williamson
7%
ND Williams Williston
7%
MN Winona Winona
7%
MS Montgomery Winona
7%
CA Yolo Woodland
7%
VA York Yorktown
7%
SC Aiken Aiken
6%
MI Alpena Alpena
6%
MI Lake Baldwin
6%
NY Allegany Belmont
6%
KS Mitchell Beloit
6%
MN Swift Benson
6%
MS Rankin Brandon
6%
GA McIntosh Buena Vista
6%
VA Buena Vista Buena Vista
6%
CO Douglas Castle Rock
6%
TX Mitchell Colorado City
6%
TX Comanche Comanche
6%
TX Montgomery Conroe
6%
CO Montezuma Cortez
6%
SC Darlington Darlington
6%
WI Lafayette Darlington
6%
GA Terrell Dawson
6%
SD Lawrence Deadwood
6%
AK Dillingham Dillingham
6%
MT Beaverhead Dillon
6%
SC Dillon Dillon
6%
IL Lee Dixon
6%
KY Webster Dixon
6%
IL Madison Edwardsville
6%
KS Ellsworth Ellsworth
6%
ME Hancock Ellsworth
6%
WI Pierce Ellsworth
6%
VA Falls Church Falls Church
6%
OH Hancock Findlay
6%
VA Floyd Floyd
6%
IL Stephenson Freeport
6%
IA Mills Glenwood
6%
MN Pope Glenwood
6%
ND Walsh Grafton
6%
WV Taylor Grafton
6%
AK Haines Haines
6%
NC Henderson Hendersonville
6%
KS Reno Hutchinson
6%
ID Boise Idaho City
6%
MS Hinds Jackson / Raymond
6%
GA Twiggs Jeffersonville
6%
IN Clark Jeffersonville
6%
NH Cheshire Keene
6%
IA Decatur Leon
6%
PA Union Lewisburg
6%
TN Marshall Lewisburg
6%
WV Greenbrier Lewisburg
6%
AR Lafayette Lewisville
6%
KS Seward Liberal
6%
HI Kauai Lihue
6%
CT Litchfield Litchfield
6%
MN Meeker Litchfield
6%
IL McDonough Macomb
6%
KY Hopkins Madisonville
6%
TN Monroe Madisonville
6%
TX Madison Madisonville
6%
TX Presidio Marfa
6%
WV Berkeley Martinsburg
6%
OH Medina Medina
6%
MI Menominee Menominee
6%
MT Custer Miles City
6%
AL Monroe Monroeville
6%
ID Owyhee Murphy
6%
NC Cherokee Murphy
6%
TX Nacogdoches Nacogdoches
6%
NE Nuckolls Nelson
6%
OH Huron Norwalk
6%
SC Orangeburg Orangeburg
6%
IA Mitchell Osage
6%
IA Clarke Osceola
6%
MO St. Clair Osceola
6%
NE Polk Osceola
6%
TX Anderson Palestine
6%
OK Pawnee Pawnee
6%
AL St. Clair Pell City / Ashville
6%
OR Umatilla Pendleton
6%
SD Haakon Philip
6%
TX Yoakum Plains
6%
WI Columbia Portage
6%
TN Giles Pulaski
6%
VA Pulaski Pulaski
6%
UT Rich Randolph
6%
TX Rockwall Rockwall
6%
VA Franklin Rocky Mount
6%
AK Aleutians East Sand Point
6%
ID Bonner Sandpoint
6%
IL Shelby Shelbyville
6%
IN Shelby Shelbyville
6%
KY Shelby Shelbyville
6%
MO Shelby Shelbyville
6%
TN Bedford Shelbyville
6%
IA Fremont Sidney
6%
MT Richland Sidney
6%
NE Cheyenne Sidney
6%
OH Shelby Sidney
6%
NM Grant Silver City
6%
CO San Juan Silverton
6%
TX Briscoe Silverton
6%
TN DeKalb Smithville
6%
CA Tuolumne Sonora
6%
TX Sutton Sonora
6%
VA Stafford Stafford
6%
KY Powell Stanton
6%
MI Montcalm Stanton
6%
NE Stanton Stanton
6%
ND Mercer Stanton
6%
TX Martin Stanton
6%
MS Oktibbeha Starkville
6%
OR Wasco The Dalles
6%
GA Thomas Thomasville
6%
OR Tillamook Tillamook
6%
FL Brevard Titusville
6%
NJ Ocean Toms River
6%
NV Nye Tonopah
6%
CO Las Animas Trinidad
6%
IN Porter Valparaiso
6%
SD Clay Vermillion
6%
MT Madison Virginia City
6%
NV Storey Virginia City
6%
IN Wabash Wabash
6%
SD Day Webster
6%
TX Wheeler Wheeler
6%
IL McHenry Woodstock
6%
VT Windsor Woodstock
6%
VA Shenandoah Woodstock
6%
AK Wrangell Wrangell
6%
OH Muskingum Zanesville
6%
AL Henry Abbeville
5%
GA Wilcox Abbeville
5%
LA Vermilion Abbeville
5%
SC Abbeville Abbeville
5%
TX Jim Wells Alice
5%
GA Bacon Alma
5%
KS Wabaunsee Alma
5%
NE Harlan Alma
5%
WI Buffalo Alma
5%
MT Deer Lodge Anaconda
5%
VA Appomattox Appomattox
5%
FL DeSoto Arcadia
5%
LA Bienville Arcadia
5%
NY Genesee Batavia
5%
OH Clermont Batavia
5%
TX Knox Benjamin
5%
AZ Cochise Bisbee
5%
IN Greene Bloomfield
5%
IA Davis Bloomfield
5%
MO Stoddard Bloomfield
5%
MN Crow Wing Brainerd
5%
MI Wexford Cadillac
5%
CO Fremont Cañon City
5%
MN Carlton Carlton
5%
AL Bibb Centreville
5%
MD Queen Anne's Centreville
5%
MI St. Joseph Centreville
5%
PA Franklin Chambersburg
5%
MI Cheboygan Cheboygan
5%
MO Livingston Chillicothe
5%
OH Ross Chillicothe
5%
AR Monroe Clarendon
5%
TX Donley Clarendon
5%
WV Harrison Clarksburg
5%
AZ Greenlee Clifton
5%
LA Grant Colfax
5%
WA Whitman Colfax
5%
MS Covington Collins
5%
IA Adams Corning
5%
TX Houston Crockett
5%
TX Dallam Dalhart
5%
OH Preble Eaton
5%
IL Effingham Effingham
5%
KY Todd Elkton
5%
MD Cecil Elkton
5%
WA Kittitas Ellensburg
5%
OH Lorain Elyria
5%
OR Wallowa Enterprise
5%
MI Delta Escanaba
5%
MN Martin Fairmont
5%
WV Marion Fairmont
5%
NV Churchill Fallon
5%
GA Monroe Forsyth
5%
MO Taney Forsyth
5%
MT Rosebud Forsyth
5%
CO Morgan Fort Morgan
5%
TX Pecos Fort Stockton
5%
IL Jo Daviess Galena
5%
MO Stone Galena
5%
NC Gaston Gastonia
5%
MI Otsego Gaylord
5%
MN Sibley Gaylord
5%
IN Elkhart Goshen
5%
NY Orange Goshen
5%
MN Cook Grand Marais
5%
CA Kings Hanford
5%
WI Sawyer Hayward
5%
MI Hillsdale Hillsdale
5%
OK Harmon Hollis
5%
OR Hood River Hood River
5%
FL Citrus Inverness
5%
SD Edmunds Ipswich
5%
MI Dickinson Iron Mountain
5%
OK Delaware Jay
5%
TX Kleberg Kingsville
5%
CO Elbert Kiowa
5%
OR Lake Lakeview
5%
WY Fremont Lander
5%
IN LaPorte LaPorte
5%
PA Sullivan Laporte
5%
GA Gwinnett Lawrenceville
5%
IL Lawrence Lawrenceville
5%
VA Brunswick Lawrenceville
5%
IL Fulton Lewistown
5%
MT Fergus Lewistown
5%
PA Mifflin Lewistown
5%
TX Angelina Lufkin
5%
GA Toombs Lyons
5%
KS Rice Lyons
5%
NY Wayne Lyons
5%
WI Manitowoc Manitowoc
5%
CA Contra Costa Martinez
5%
PA Pike Milford
5%
IL Warren Monmouth
5%
MN Clay Moorhead
5%
MN Kanabec Mora
5%
NM Mora Mora
5%
IL Whiteside Morrison
5%
TX Cochran Morton
5%
AR Baxter Mountain Home
5%
ID Elmore Mountain Home
5%
AR Stone Mountain View
5%
LA Natchitoches Natchitoches
5%
NC Craven New Bern
5%
MO New Madrid New Madrid
5%
OR Clackamas Oregon City
5%
CO Ouray Ouray
5%
IN Miami Peru
5%
KY Pike Pikeville
5%
TN Bledsoe Pikeville
5%
UT Carbon Price
5%
WY Carbon Rawlins
5%
ID Madison Rexburg
5%
NC Richmond Rockingham
5%
MO Phelps Rolla
5%
ND Rolette Rolla
5%
LA Lincoln Ruston
5%
KS Cheyenne Saint Francis
5%
NM Socorro Socorro
5%
IN Owen Spencer
5%
IA Clay Spencer
5%
TN Van Buren Spencer
5%
WV Roane Spencer
5%
OH Jefferson Steubenville
5%
WA Skamania Stevenson
5%
WI Portage Stevens Point
5%
IL Moultrie Sullivan
5%
IN Sullivan Sullivan
5%
VA Surry Surry
5%
CA Lassen Susanville
5%
UT Uintah Vernal
5%
ID Shoshone Wallace
5%
WA Douglas Waterville
5%
WA Chelan Wenatchee
5%
MS Clay West Point
5%
NE Cuming West Point
5%
IL DuPage Wheaton
5%
MN Traverse Wheaton
5%
KY Grant Williamstown
5%
CT Windham Willimantic / Putnam
5%
OH Greene Xenia
5%
AK Yakutat Yakutat
5%
SD Yankton Yankton
5%
VA Accomack Accomack
4%
GA Cook Adel
4%
IA Dallas Adel
4%
MI Lenawee Adrian
4%
MN Freeborn Albert Lea
4%
IL Edwards Albion
4%
IN Noble Albion
4%
NE Boone Albion
4%
NY Orleans Albion
4%
MI Allegan Allegan
4%
NE Box Butte Alliance
4%
MO Oregon Alton
4%
CA Modoc Alturas
4%
IN Steuben Angola
4%
AL Calhoun Anniston
4%
MN Anoka Anoka
4%
OK Custer Arapaho
4%
AR Desha Arkansas City
4%
MI Huron Bad Axe
4%
OR Baker Baker City
4%
LA Morehouse Bastrop
4%
TX Bastrop Bastrop
4%
MD Harford Bel Air
4%
TX Bell Belton
4%
NM Sandoval Bernalillo
4%
TX Howard Big Spring
4%
ID Bingham Blackfoot
4%
NE Washington Blair
4%
OK Cimarron Boise City
4%
IN Clay Brazil
4%
UT Box Elder Brigham City
4%
NE Custer Broken Bow
4%
VA Buckingham Buckingham
4%
VT Chittenden Burlington
4%
TX Hemphill Canadian
4%
GA Bartow Cartersville
4%
MI Charlevoix Charlevoix
4%
VA Pittsylvania Chatham
4%
WI Chippewa Chippewa Falls
4%
MT McCone Circle
4%
IA Wright Clarion
4%
PA Clarion Clarion
4%
KS Comanche Coldwater
4%
MI Branch Coldwater
4%
TX Coleman Coleman
4%
AL Shelby Columbiana
4%
CA Colusa Colusa
4%
NY Cortland Cortland
4%
ND Divide Crosby
4%
AL Cullman Cullman
4%
GA Forsyth Cumming
4%
OH Defiance Defiance
4%
NY Delaware Delhi
4%
CO Rio Grande Del Norte
4%
NM Luna Deming
4%
TX Dickens Dickens
4%
ID Clark Dubois
4%
TX Moore Dumas
4%
MI Keweenaw Eagle River
4%
WI Vilas Eagle River
4%
KY Metcalfe Edmonton
4%
NC Pasquotank Elizabeth City
4%
TX Rains Emory
4%
OK Major Fairview
4%
TX Jeff Davis Fort Davis
4%
FL St. Lucie Fort Pierce
4%
NE Nance Fullerton
4%
VA Galax Galax
4%
CO Garfield Glenwood Springs
4%
AZ Gila Globe
4%
NC Wayne Goldsboro
4%
TX Gonzales Gonzales
4%
KY Carter Grayson
4%
VT Essex Guildhall
4%
MS Harrison Gulfport / Biloxi
4%
OK Logan Guthrie
4%
TX King Guthrie
4%
OK Texas Guymon
4%
NJ Bergen Hackensack
4%
IA Shelby Harlan
4%
KY Harlan Harlan
4%
IL Mason Havana
4%
NC Orange Hillsborough
4%
AZ Navajo Holbrook
4%
CA San Benito Hollister
4%
CO Phillips Holyoke
4%
VA Hopewell Hopewell
4%
CO Lincoln Hugo
4%
OK Choctaw Hugo
4%
PA Huntingdon Huntingdon
4%
TN Carroll Huntingdon
4%
MO Iron Ironton
4%
OH Lawrence Ironton
4%
ID Jerome Jerome
4%
VA Lee Jonesville
4%
HI Kalawao Kalawao
4%
TX Kaufman Kaufman
4%
OH Hardin Kenton
4%
TX Kerr Kerrville
4%
AK Northwest Arctic Kotzebue
4%
CO Otero La Junta
4%
ND Nelson Lakota
4%
CO Bent Las Animas
4%
CO Lake Leadville
4%
LA Vernon Leesville
4%
AL Marengo Linden
4%
TN Perry Linden
4%
TX Cass Linden
4%
TX Llano Llano
4%
NY Niagara Lockport
4%
NM Valencia Los Lunas
4%
TN Loudon Loudon
4%
KY Lawrence Louisa
4%
VA Louisa Louisa
4%
WI Marinette Marinette
4%
IA Marshall Marshalltown
4%
MO Nodaway Maryville
4%
TN Blount Maryville
4%
IA Cerro Gordo Mason City
4%
OR Yamhill McMinnville
4%
TN Warren McMinnville
4%
AR Polk Mena
4%
TX Loving Mentone
4%
LA Webster Minden
4%
NE Kearney Minden
4%
NV Douglas Minden
4%
SD Todd Mission
4%
KY Rowan Morehead
4%
MI Isabella Mt. Pleasant
4%
ND Logan Napoleon
4%
OH Henry Napoleon
4%
NE Otoe Nebraska City
4%
CA Nevada Nevada City
4%
IN Floyd New Albany
4%
MS Union New Albany
4%
MI Luce Newberry
4%
SC Newberry Newberry
4%
VT Orleans Newport
4%
PA Montgomery Norristown
4%
AL Blount Oneonta
4%
AL Lee Opelika
4%
CA Butte Oroville
4%
IA Wapello Ottumwa
4%
CO Archuleta Pagosa Springs
4%
MS Jackson Pascagoula
4%
GA Bryan Pembroke
4%
MI Emmet Petoskey
4%
AL Russell Phenix City
4%
SC Pickens Pickens
4%
KY Bell Pineville
4%
MO McDonald Pineville
4%
WV Wyoming Pineville
4%
CA El Dorado Placerville
4%
TX Hale Plainview
4%
NY Clinton Plattsburgh
4%
AR Randolph Pocahontas
4%
IA Pocahontas Pocahontas
4%
WI Ozaukee Port Washington
4%
TX Garza Post
4%
KS Pratt Pratt
4%
VA Prince George Prince George
4%
FL Charlotte Punta Gorda
4%
GA Brooks Quitman
4%
MS Clarke Quitman
4%
TX Wood Quitman
4%
VA Radford Radford
4%
NM Colfax Raton
4%
CA Tehama Red Bluff
4%
MN Goodhue Red Wing
4%
WA Ferry Republic
4%
WI Oneida Rhinelander
4%
UT Sevier Richfield
4%
NY Suffolk Riverhead
4%
MN Roseau Roseau
4%
OR Douglas Roseburg
4%
AL Franklin Russellville
4%
AR Pope Russellville
4%
KY Logan Russellville
4%
OR Columbia Saint Helens
4%
CO Chaffee Salida
4%
ID Lemhi Salmon
4%
CA Calaveras San Andreas
4%
TX Terrell Sanderson
4%
TX San Saba San Saba
4%
FL Highlands Sebring
4%
TN Sevier Sevierville
4%
NC Johnston Smithfield
4%
TX Scurry Snyder
4%
ND Mountrail Stanley
4%
GA Bulloch Statesboro
4%
VT Caledonia St. Johnsbury
4%
TX Sherman Stratford
4%
FL Martin Stuart
4%
VA Patrick Stuart
4%
WI Door Sturgeon Bay
4%
OK Murray Sulphur
4%
GA Chattooga Summerville
4%
WV Braxton Sutton
4%
TX Nolan Sweetwater
4%
MA Bristol Taunton
4%
WY Hot Springs Thermopolis
4%
UT Tooele Tooele
4%
NM Quay Tucumcari
4%
AL Macon Tuskegee
4%
MN Lake Two Harbors
4%
CA Mendocino Ukiah
4%
PA Fayette Uniontown
4%
NE Cherry Valentine
4%
OH Van Wert Van Wert
4%
FL Indian River Vero Beach
4%
GA Warren Warrenton
4%
MO Warren Warrenton
4%
NC Warren Warrenton
4%
VA Fauquier Warrenton
4%
TX Ellis Waxahachie
4%
MO Pulaski Waynesville
4%
NC Haywood Waynesville
4%
TX Parker Weatherford
4%
KS Pottawatomie Westmoreland
4%
TX Wharton Wharton
4%
NJ Gloucester Woodbury
4%
TN Cannon Woodbury
4%
OH Wayne Wooster
4%
MN Nobles Worthington
4%
MS Yazoo Yazoo City
4%
TX Zapata Zapata
4%
MN Aitkin Aitkin
3%
SC Allendale Allendale
3%
VA Amelia Amelia
3%
ID Power American Falls
3%
TX Brazoria Angleton
3%
TX Jones Anson
3%
KS Harper Anthony
3%
OK Carter Ardmore
3%
AR Clark Arkadelphia
3%
ND McIntosh Ashley
3%
WA Asotin Asotin
3%
KS Atchison Atchison
3%
MO Douglas Ava
3%
GA Decatur Bainbridge
3%
SC Bamberg Bamberg
3%
TX Bandera Bandera
3%
WI Sauk Baraboo
3%
WI Barron Barron
3%
OK Washington Bartlesville
3%
FL Polk Bartow
3%
NV Lander Battle Mountain
3%
AL Baldwin Bay Minette
3%
TX Bee Beeville
3%
TX Austin Bellville
3%
IL Boone Belvidere
3%
NJ Warren Belvidere
3%
SD Perkins Bison
3%
WI Jackson Black River Falls
3%
VA Bland Bland
3%
PA Columbia Bloomsburg
3%
MN Faribault Blue Earth
3%
IN Wells Bluffton
3%
TX Kendall Boerne
3%
MO Polk Bolivar
3%
TN Hardeman Bolivar
3%
ID Boundary Bonners Ferry
3%
KY Owsley Booneville
3%
MS Prentiss Booneville
3%
AR Logan Booneville / Paris
3%
ND Bowman Bowman
3%
TX McCulloch Brady
3%
NH Rockingham Brentwood
3%
NE Blaine Brewster
3%
NJ Cumberland Bridgeton
3%
TX Brown Brownwood
3%
SD Gregory Burke
3%
ID Cassia Burley
3%
TX Burnet Burnet
3%
NJ Cape May Cape May Court House
3%
ID Valley Cascade
3%
NE Dawes Chadron
3%
IA Floyd Charles City
3%
VA Charles City Charles City
3%
WA Lewis Chehalis
3%
TX Childress Childress
3%
KS Gray Cimarron
3%
PA Clearfield Clearfield
3%
SD Deuel Clear Lake
3%
TX Johnson Cleburne
3%
KS Thomas Colby
3%
TX San Jacinto Coldspring
3%
VA Colonial Heights Colonial Heights
3%
KS Cloud Concordia
3%
TN Putnam Cookeville
3%
MS Alcorn Corinth
3%
TX Navarro Corsicana
3%
OH Coshocton Coshocton
3%
TX Crane Crane
3%
FL Okaloosa Crestview
3%
MN Polk Crookston
3%
VA Culpeper Culpeper
3%
IA Humboldt Dakota City
3%
NE Dakota Dakota City
3%
MT Powell Deer Lodge
3%
FL Volusia DeLand
3%
IA Crawford Denison
3%
MN Becker Detroit Lakes
3%
ND Ramsey Devils Lake
3%
GA Douglas Douglasville
3%
PA Bucks Doylestown
3%
UT Duchesne Duchesne
3%
OK Stephens Duncan
3%
OK Bryan Durant
3%
TX Eastland Eastland
3%
MA Dukes Edgartown
3%
WI Walworth Elkhorn
3%
MD Howard Ellicott City
3%
CO Park Fairplay
3%
KY Pendleton Falmouth
3%
MN Rice Faribault
3%
MN Otter Tail Fergus Falls
3%
FL Nassau Fernandina Beach
3%
MN Benton Foley
3%
AR St. Francis Forrest City
3%
IA Webster Fort Dodge
3%
WA San Juan Friday Harbor
3%
IL Knox Galesburg
3%
MO Daviess Gallatin
3%
TN Sumner Gallatin
3%
NC Gates Gatesville
3%
TX Coryell Gatesville
3%
NY Livingston Geneseo
3%
GA Glascock Gibson
3%
TX Upshur Gilmer
3%
MT Dawson Glendive
3%
NV Esmeralda Goldfield
3%
TX Goliad Goliad
3%
MI Ottawa Grand Haven
3%
WV Calhoun Grantsville
3%
TN Greene Greeneville
3%
MS Grenada Grenada
3%
VA Buchanan Grundy
3%
ID Blaine Hailey
3%
MO Cass Harrisonville
3%
MI Alcona Harrisville
3%
WV Ritchie Harrisville
3%
TX Haskell Haskell
3%
NV Mineral Hawthorne
3%
TX Sabine Hemphill
3%
VA Henrico Henrico
3%
TX Clay Henrietta
3%
NY Herkimer Herkimer
3%
GA Liberty Hinesville
3%
OK Kiowa Hobart
3%
ME Aroostook Houlton
3%
MI Livingston Howell
3%
NE Grant Hyannis
3%
IA Warren Indianola
3%
MS Sunflower Indianola
3%
MI Ionia Ionia
3%
VA Isle of Wight Isle of Wight
3%
LA Jefferson Davis Jennings
3%
CO Sedgwick Julesburg
3%
KS Geary Junction City
3%
UT Kane Kanab
3%
WA Cowlitz Kelso
3%
TX Winkler Kermit
3%
VA King George King George
3%
AK Lake and Peninsula King Salmon
3%
MO Adair Kirksville
3%
AK Kusilvak Kusilvak
3%
IL Marshall Lacon
3%
NH Belknap Laconia
3%
OR Union La Grande
3%
CA Lake Lakeport
3%
TX Dawson Lamesa
3%
TX Lampasas Lampasas
3%
MI Lapeer Lapeer
3%
MD Charles La Plata
3%
SC Laurens Laurens
3%
IN Dearborn Lawrenceburg
3%
KY Anderson Lawrenceburg
3%
TN Lawrence Lawrenceburg
3%
MT Lincoln Libby
3%
GA Lincoln Lincolnton
3%
NC Lincoln Lincolnton
3%
MO Osage Linn
3%
TX Lipscomb Lipscomb
3%
FL Suwannee Live Oak
3%
UT Wayne Loa
3%
NM Hidalgo Lordsburg
3%
NV Pershing Lovelock
3%
NM Lea Lovington
3%
MI Mason Ludington
3%
NC Robeson Lumberton
3%
AL Crenshaw Luverne
3%
MN Rock Luverne
3%
AR Columbia Magnolia
3%
MS Pike Magnolia
3%
MT Phillips Malta
3%
VA Manassas Park Manassas Park
3%
ND Morton Mandan
3%
UT Daggett Manila
3%
MI Manistee Manistee
3%
MS Quitman Marks
3%
TX Falls Marlin
3%
KY Graves Mayfield
3%
KS McPherson McPherson
3%
KS Meade Meade
3%
MS Franklin Meadville
3%
PA Crawford Meadville
3%
CO Rio Blanco Meeker
3%
TX Menard Menard
3%
WI Dunn Menomonie
3%
NY Nassau Mineola
3%
TX Montague Montague
3%
NC Burke Morganton
3%
OR Sherman Moro
3%
MI Alger Munising
3%
IA Muscatine Muscatine
3%
UT Juab Nephi
3%
TX Bowie New Boston
3%
LA Iberia New Iberia
3%
OH Tuscarawas New Philadelphia
3%
MN Brown New Ulm
3%
ID Lewis Nezperce
3%
IN Hamilton Noblesville
3%
KS Decatur Oberlin
3%
LA Allen Oberlin
3%
WA Okanogan Okanogan
3%
NE Valley Ord
3%
TX Palo Pinto Palo Pinto
3%
TX Gray Pampa
3%
TX Carson Panhandle
3%
OH Paulding Paulding
3%
AR Perry Perryville
3%
MO Perry Perryville
3%
KS Phillips Phillipsburg
3%
MN Pine Pine City
3%
MN Pipestone Pipestone
3%
NE Dixon Ponca
3%
VA Poquoson Poquoson
3%
NM Roosevelt Portales
3%
TX Calhoun Port Lavaca
3%
WA Jefferson Port Townsend
3%
PA Schuylkill Pottsville
3%
TX Upton Rankin
3%
TX Refugio Refugio
3%
TX Starr Rio Grande City
3%
MS Tippah Ripley
3%
TN Lauderdale Ripley
3%
WV Jackson Ripley
3%
IL Crawford Robinson
3%
TX Cherokee Rusk
3%
AZ Graham Safford
3%
CO Saguache Saguache
3%
SC Saluda Saluda
3%
VA Middlesex Saluda
3%
TX San Augustine San Augustine
3%
NE Colfax Schuyler
3%
AL Jackson Scottsboro
3%
TX Guadalupe Seguin
3%
TX Baylor Seymour
3%
WA Mason Shelton
3%
ID Lincoln Shoshone
3%
AK Kenai Peninsula Soldotna
3%
VT Franklin St. Albans
3%
TX Erath Stephenville
3%
MI Mackinac St. Ignace
3%
PA Monroe Stroudsburg
3%
TX Hopkins Sulphur Springs
3%
WY Crook Sundance
3%
KY Spencer Taylorsville
3%
NC Alexander Taylorsville
3%
TN Claiborne Tazewell
3%
VA Tazewell Tazewell
3%
MT Prairie Terry
3%
MN Pennington Thief River Falls
3%
TX Throckmorton Throckmorton
3%
OH Seneca Tiffin
3%
IN Tipton Tipton
3%
IA Cedar Tipton
3%
WY Goshen Torrington
3%
KS Grant Ulysses
3%
MO Putnam Unionville
3%
ND Barnes Valley City
3%
TX Culberson Van Horn
3%
IN Ripley Versailles
3%
KY Woodford Versailles
3%
MO Morgan Versailles
3%
LA Concordia Vidalia
3%
HI Maui Wailuku
3%
CO Jackson Walden
3%
CO Huerfano Walsenburg
3%
ND McLean Washburn
3%
WI Bayfield Washburn
3%
IA Bremer Waverly
3%
OH Pike Waverly
3%
TN Humphreys Waverly
3%
CA Trinity Weaverville
3%
WI Washington West Bend
3%
WY Platte Wheatland
3%
CA Glenn Willows
3%
LA Winn Winnfield
3%
WI Wood Wisconsin Rapids
3%
VA Wise Wise
3%
MS Wilkinson Woodville
3%
TX Tyler Woodville
3%
OK Woodward Woodward
3%
SD Sanborn Woonsocket
3%
CO Yuma Wray
3%
NC Stanly Albemarle
2%
AK Aleutians West Aleutians West
2%
ME York Alfred
2%
IA Butler Allison
2%
OK Jackson Altus
2%
OK Woods Alva
2%
GA Sumter Americus
2%
TX Chambers Anahuac
2%
AL Covington Andalusia
2%
WI Langlade Antigo
2%
FL Franklin Apalachicola
2%
TX Archer Archer City
2%
ID Butte Arco
2%
GA Turner Ashburn
2%
NC Randolph Asheboro
2%
TX Stonewall Aspermont
2%
OK Atoka Atoka
2%
MN Clearwater Bagley
2%
TX Callahan Baird
2%
NC Mitchell Bakersville
2%
TX Runnels Ballinger
2%
SC Barnwell Barnwell
2%
WY Big Horn Basin
2%
AR Independence Batesville
2%
MS Panola Batesville / Sardis
2%
MN Lake of the Woods Baudette
2%
MS Hancock Bay Saint Louis
2%
NE Gage Beatrice
2%
OH Logan Bellefontaine
2%
PA Centre Bellefonte
2%
SD Butte Belle Fourche
2%
WV Morgan Berkeley Springs
2%
VA Clarke Berryville
2%
MI Gogebic Bessemer
2%
MO Harrison Bethany
2%
TX Reagan Big Lake
2%
MI Mecosta Big Rapids
2%
GA Fannin Blue Ridge
2%
TX Fannin Bonham
2%
IN Warrick Boonville
2%
MO Cooper Boonville
2%
ND Bottineau Bottineau
2%
TX Kinney Brackettville
2%
TX Washington Brenham
2%
NC Transylvania Brevard
2%
MT Powder River Broadus
2%
FL Levy Bronson
2%
MS Lincoln Brookhaven
2%
FL Hernando Brooksville
2%
KY Bracken Brooksville
2%
IN Franklin Brookville
2%
PA Jefferson Brookville
2%
TX Terry Brownfield
2%
WV Upshur Buckhannon
2%
OH Crawford Bucyrus
2%
NC Yancey Burnsville
2%
KY Trigg Cadiz
2%
OH Harrison Cadiz
2%
MN Houston Caledonia
2%
NY Ontario Canandaigua
2%
OR Grant Canyon City
2%
ND Foster Carrington
2%
TX Dimmit Carrizo Springs
2%
NM Lincoln Carrizozo
2%
MI Cass Cassopolis
2%
UT Emery Castle Dale
2%
NY Greene Catskill
2%
ND Pembina Cavalier
2%
OH Mercer Celina
2%
TN Clay Celina
2%
MN Chisago Center City
2%
ID Custer Challis
2%
SD Brule Chamberlain
2%
TX Hartley Channing
2%
MN Carver Chaska
2%
MD Kent Chestertown
2%
CO Cheyenne Cheyenne Wells
2%
WI Calumet Chilton
2%
MT Blaine Chinook
2%
VA Montgomery Christiansburg
2%
OH Pickaway Circleville
2%
AL Chilton Clanton
2%
GA Habersham Clarkesville
2%
MS Coahoma Clarksdale
2%
TX Armstrong Claude
2%
UT Summit Coalville
2%
GA Bleckley Cochran
2%
WA Stevens Colville
2%
CO Conejos Conejos
2%
MT Pondera Conrad
2%
TX La Salle Cotulla
2%
IN Montgomery Crawfordsville
2%
FL Wakulla Crawfordville
2%
GA Taliaferro Crawfordville
2%
CO Mineral Creede
2%
CO Teller Cripple Creek
2%
TX Crosby Crosbyton
2%
TX Foard Crowell
2%
LA Acadia Crowley
2%
IN Lake Crown Point
2%
TX Zavala Crystal City
2%
TX DeWitt Cuero
2%
NC Currituck Currituck
2%
MT Glacier Cut Bank
2%
FL Pasco Dade City
2%
GA Lumpkin Dahlonega
2%
TX Morris Daingerfield
2%
GA Madison Darien
2%
IA Winneshiek Decorah
2%
MA Norfolk Dedham
2%
FL Walton DeFuniak Springs
2%
IN Carroll Delphi
2%
LA Beauregard DeRidder
2%
TX Castro Dimmitt
2%
VA Dinwiddie Dinwiddie
2%
WI Iowa Dodgeville
2%
CO Dolores Dove Creek
2%
ME Piscataquis Dover-Foxcroft
2%
CA Sierra Downieville
2%
TN Weakley Dresden
2%
ID Teton Driggs
2%
TN Dyer Dyersburg
2%
CO Kiowa Eads
2%
RI Kent East Greenwich
2%
FL Collier East Naples
2%
SC Edgefield Edgefield
2%
MO Knox Edina
2%
TX Jackson Edna
2%
AL Coffee Elba / Enterprise
2%
MN Grant Elbow Lake
2%
TN Carter Elizabethton
2%
WV Randolph Elkins
2%
MN Sherburne Elk River
2%
OK Canadian El Reno
2%
ID Gem Emmett
2%
WA Grant Ephrata
2%
NM Torrance Estancia
2%
OK McIntosh Eufaula
2%
AL Greene Eutaw
2%
AL Conecuh Evergreen
2%
TX Brooks Falfurrias
2%
VA Prince Edward Farmville
2%
TX Parmer Farwell
2%
NJ Hunterdon Flemington
2%
TX Wilson Floresville
2%
TX Floyd Floydada
2%
IA Lee Fort Madison / Keokuk
2%
AL DeKalb Fort Payne
2%
KS Bourbon Fort Scott
2%
AR Sebastian Fort Smith / Greenwood
2%
NM De Baca Fort Sumner
2%
OR Wheeler Fossil
2%
LA Washington Franklinton
2%
KS Wilson Fredonia
2%
VA Warren Front Royal
2%
TX Borden Gail
2%
OH Gallia Gallipolis
2%
TX Live Oak George West
2%
TX Lee Giddings
2%
MI Gladwin Gladwin
2%
MN McLeod Glencoe
2%
TX Somervell Glen Rose
2%
OR Curry Gold Beach
2%
WA Klickitat Goldendale
2%
TX Mills Goldthwaite
2%
VA Goochland Goochland
2%
ID Gooding Gooding
2%
KS Sherman Goodland
2%
TX Hood Granbury
2%
ID Idaho Grangeville
2%
MN Yellow Medicine Granite Falls
2%
MI Crawford Grayling
2%
KS Barton Great Bend
2%
WI Green Lake Green Lake
2%
LA Jefferson Gretna
2%
GA Spalding Griffin
2%
TX Limestone Groesbeck
2%
TX Trinity Groveton
2%
TX Lavaca Hallettsville
2%
MN Kittson Hallock
2%
WV Lincoln Hamlin
2%
GA Hart Hartwell
2%
KY Perry Hazard
2%
AK Denali Healy
2%
TX Jim Hogg Hebbronville
2%
UT Wasatch Heber City
2%
NE Thayer Hebron
2%
IL Putnam Hennepin
2%
MS DeSoto Hernando
2%
NC Perquimans Hertford
2%
ND Adams Hettinger
2%
PA Blair Hollidaysburg
2%
TX Medina Hondo
2%
AK Hoonah-Angoon Hoonah-Angoon
2%
KY Christian Hopkinsville
2%
CO Grand Hot Sulphur Springs
2%
OK McCurtain Idabel
2%
TN Campbell Jacksboro
2%
TX Jack Jacksboro
2%
TX Kent Jayton
2%
LA LaSalle Jena
2%
PA Carbon Jim Thorpe
2%
TX Atascosa Jourdanton
2%
MI Kalkaska Kalkaska
2%
TX Karnes Karnes City
2%
WY Lincoln Kemmerer
2%
WI Kewaunee Kewaunee
2%
NE Kimball Kimball
2%
VA King and Queen King and Queen
2%
OK Kingfisher Kingfisher
2%
VA King William King William
2%
TX Hardin Kountze
2%
LA East Carroll Lake Providence
2%
MI Baraga L'Anse
2%
TX Real Leakey
2%
IA Plymouth Le Mars
2%
NC Caldwell Lenoir
2%
TX Hockley Levelland
2%
MN Morrison Little Falls
2%
TX Lamb Littlefield
2%
TX Caldwell Lockhart
2%
PA Clinton Lock Haven
2%
IN Cass Logansport
2%
AR Lonoke Lonoke
2%
VA Lunenburg Lunenburg
2%
WY Niobrara Lusk
2%
ME Washington Machias
2%
OR Jefferson Madras
2%
MN Mahnomen Mahnomen
2%
NY Franklin Malone
2%
MI Schoolcraft Manistique
2%
ND Dunn Manning
2%
SC Clarendon Manning
2%
UT Sanpete Manti
2%
LA Sabine Many
2%
IA Iowa Marengo
2%
AR Lee Marianna
2%
FL Jackson Marianna
2%
CA Alpine Markleeville
2%
LA Avoyelles Marksville
2%
MO Webster Marshfield
2%
TX Motley Matador
2%
VA Mathews Mathews
2%
WI Juneau Mauston
2%
FL Lafayette Mayo
2%
NJ Atlantic Mays Landing
2%
KY Mason Maysville
2%
MO DeKalb Maysville
2%
NY Chautauqua Mayville
2%
OK Pittsburg McAlester
2%
OH Vinton McArthur
2%
NE Red Willow McCook
2%
SC McCormick McCormick
2%
GA Henry McDonough
2%
SD Corson McIntosh
2%
PA Delaware Media
2%
ND Billings Medora
2%
WI Lincoln Merrill
2%
TX Irion Mertzon
2%
IL Massac Metropolis
2%
PA Snyder Middleburg
2%
MN Mille Lacs Milaca
2%
GA Baldwin Milledgeville
2%
OH Holmes Millersburg
2%
MI Oscoda Mio
2%
TX Ward Monahans
2%
MN Chippewa Montevideo
2%
IA Poweshiek Montezuma
2%
NM Harding Mosquero
2%
GA Colquitt Moultrie
2%
IL Pulaski Mound City
2%
KS Linn Mound City
2%
SD Campbell Mound City
2%
WV Marshall Moundsville
2%
NJ Burlington Mount Holly
2%
TX Bailey Muleshoe
2%
AK Bristol Bay Naknek
2%
MO Newton Neosho
2%
NY Rockland New City
2%
VT Windham Newfane
2%
VA New Kent New Kent
2%
GA Coweta Newnan
2%
VA Nottoway Nottoway
2%
KS Logan Oakley
2%
WI Oconto Oconto
2%
NE Keith Ogallala
2%
OK Okmulgee Okmulgee
2%
MN Renville Olivia
2%
NE Holt O'Neill
2%
MI Ontonagon Ontonagon
2%
LA St. Landry Opelousas
2%
IA Sioux Orange City
2%
CO Crowley Ordway
2%
MN Steele Owatonna
2%
TX Crockett Ozona
2%
OH Lake Painesville
2%
TX Concho Paint Rock
2%
FL Putnam Palatka
2%
MO Marion Palmyra
2%
VA Fluvanna Palmyra
2%
UT Garfield Panguitch
2%
AR Greene Paragould
2%
MN Hubbard Park Rapids
2%
UT Iron Parowan
2%
WV Tucker Parsons
2%
OK Osage Pawhuska
2%
MI Van Buren Paw Paw
2%
ID Payette Payette
2%
TX Frio Pearsall
2%
GA Atkinson Pearson
2%
IL Tazewell Pekin
2%
TX Ochiltree Perryton
2%
MT Granite Philipsburg
2%
WY Sublette Pinedale
2%
NV Lincoln Pioche
2%
MS Calhoun Pittsboro
2%
NC Chatham Pittsboro
2%
LA Iberville Plaquemine
2%
WV Mason Point Pleasant
2%
MT Lake Polson
2%
OH Meigs Pomeroy
2%
WA Garfield Pomeroy
2%
MO Butler Poplar Bluff
2%
OH Ottawa Port Clinton
2%
WA Kitsap Port Orchard
2%
FL Gulf Port St. Joe
2%
VA Powhatan Powhatan
2%
WI Crawford Prairie du Chien
2%
AL Autauga Prattville
2%
AK Prince of Wales-Hyder Prince of Wales-Hyder
2%
MD Somerset Princess Anne
2%
OR Crook Prineville
2%
TX Hardeman Quanah
2%
NY Warren Queensbury
2%
OH Portage Ravenna
2%
TX Willacy Raymondville
2%
MN Red Lake Red Lake Falls
2%
MT Carbon Red Lodge
2%
MN Redwood Redwood Falls
2%
IN Jasper Rensselaer
2%
NM Catron Reserve
2%
WI Richland Richland Center
2%
ID Jefferson Rigby
2%
GA Catoosa Ringgold
2%
IN Ohio Rising Sun
2%
WA Adams Ritzville
2%
TX Coke Robert Lee
2%
TX Fisher Roby
2%
MI Presque Isle Rogers City
2%
MI Roscommon Roscommon
2%
ND Pierce Rugby
2%
ID Minidoka Rupert
2%
IL Schuyler Rushville
2%
IN Rush Rushville
2%
NE Sheridan Rushville
2%
IA Sac Sac City
2%
TX Kenedy Sarita
2%
OK Beckham Sayre
2%
NY Schoharie Schoharie
2%
KS Scott Scott City
2%
KY Allen Scottsville
2%
AR White Searcy
2%
MO Pettis Sedalia
2%
MN Scott Shakopee
2%
WI Shawano Shawano
2%
TX Hudspeth Sierra Blanca
2%
TX San Patricio Sinton
2%
WI Burnett Siren
2%
ME Somerset Skowhegan
2%
MD Worcester Snow Hill
2%
NC Greene Snow Hill
2%
ID Caribou Soda Springs
2%
RI Washington South Kingstown / West Kingston
2%
TX Hansford Spearman
2%
VA Spotsylvania Spotsylvania Courthouse
2%
MI Arenac Standish
2%
ID Fremont St. Anthony
2%
FL Bradford Starke
2%
NC Iredell Statesville
2%
OH Belmont St. Clairsville
2%
ND Kidder Steele
2%
MO Ste. Genevieve Ste. Genevieve
2%
TX Sterling Sterling City
2%
TX Hutchinson Stinnett
2%
SC Calhoun St. Matthews
2%
IA Buena Vista Storm Lake
2%
IL DeKalb Sycamore
2%
NC Jackson Sylva
2%
OK Cherokee Tahlequah
2%
TX Lynn Tahoka
2%
IL Christian Taylorville
2%
NE Johnson Tecumseh
2%
LA Lafourche Thibodaux
2%
GA Upson Thomaston
2%
GA Macon Thomson
2%
NM Rio Arriba Tierra Amarilla
2%
GA Tift Tifton
2%
TX McMullen Tilden
2%
OK Johnston Tishomingo
2%
MT Broadwater Townsend
2%
TX Swisher Tulia
2%
MS Tunica Tunica
2%
AL Colbert Tuscumbia
2%
MO Miller Tuscumbia
2%
MD Prince George's Upper Marlboro
2%
OH Wyandot Upper Sandusky
2%
AK Valdez-Cordova Valdez-Cordova
2%
IN Knox Vincennes
2%
OK Craig Vinita
2%
IA Benton Vinton
2%
WI Vernon Viroqua
2%
MN Wabasha Wabasha
2%
MN Wadena Wadena
2%
ND Richland Wahpeton
2%
OK Cotton Walters
2%
OH Auglaize Wapakoneta
2%
MO Johnson Warrensburg
2%
MN Waseca Waseca
2%
OH Fayette Washington Court House
2%
NY Schuyler Watkins Glen
2%
WI Waupaca Waupaca
2%
GA Ware Waycross
2%
PA Greene Waynesburg
2%
WV McDowell Welch
2%
CO Custer Westcliffe
2%
IA Fayette West Union
2%
OH Adams West Union
2%
WV Doddridge West Union
2%
WI Trempealeau Whitehall
2%
SD Mellette White River
2%
MT Meagher White Sulphur Springs
2%
NC Columbus Whiteville
2%
MT Wibaux Wibaux
2%
NC Wilkes Wilkesboro
2%
NC Martin Williamston
2%
MN Kandiyohi Willmar
2%
GA Barrow Winder
2%
KS Cowley Winfield
2%
WV Putnam Winfield
2%
LA Franklin Winnsboro
2%
SC Fairfield Winnsboro
2%
MT Roosevelt Wolf Point
2%
WY Washakie Worland
2%
GA Johnson Wrightsville
2%
VA Wythe Wytheville
2%
NV Lyon Yerington
2%
IL Kendall Yorkville
2%
GA Pike Zebulon
2%
VA Washington Abingdon
1%
MS Choctaw Ackerman
1%
NE Brown Ainsworth
1%
IA Monroe Albia
1%
IL Mercer Aledo
1%
IA Kossuth Algona
1%
TN Grundy Altamont
1%
ND Slope Amidon
1%
LA Tangipahoa Amite City
1%
OK Caddo Anadarko
1%
IA Jones Anamosa
1%
OK Pushmataha Antlers
1%
SD Douglas Armour
1%
OK Ellis Arnett
1%
AR Little River Ashdown
1%
AR Sharp Ash Flat
1%
TN Cheatham Ashland City
1%
KS Rawlins Atwood
1%
IA Audubon Audubon
1%
NY Saratoga Ballston Spa
1%
WI Polk Balsam Lake
1%
KY Knox Barbourville
1%
KY Nelson Bardstown
1%
GA Lamar Barnesville
1%
NE Wheeler Bartlett
1%
NE Rock Bassett
1%
GA Appling Baxley
1%
NC Pamlico Bayboro
1%
MS Jasper Bay Springs / Paulding
1%
NE Furnas Beaver City
1%
MI Antrim Bellaire
1%
SC Marlboro Bennettsville
1%
MI Benzie Beulah
1%
MT Sweet Grass Big Timber
1%
SC Lee Bishopville
1%
GA Pierce Blackshear
1%
GA Union Blairsville
1%
GA Early Blakely
1%
FL Calhoun Blountstown
1%
TN Sullivan Blountville
1%
AR Mississippi Blytheville / Osceola
1%
NC Brunswick Bolivia
1%
FL Holmes Bonifay
1%
ND Burke Bowbells
1%
VA Mecklenburg Boydton
1%
KY Meade Brandenburg
1%
AL Escambia Brewton
1%
SD Marshall Britton
1%
IN Jackson Brownstown
1%
NC Swain Bryson City
1%
FL Flagler Bunnell
1%
NC Pender Burgaw
1%
FL Sumter Bushnell
1%
TN Pickett Byrdstown
1%
MO Camden Camdenton
1%
GA Mitchell Camilla
1%
KY Taylor Campbellsville
1%
KY Wolfe Campton
1%
ND Towner Cando
1%
IL Macoupin Carlinville
1%
IL Clinton Carlyle
1%
NY Putnam Carmel Hamlet
1%
IL White Carmi
1%
GA Franklin Carnesville
1%
MO Pemiscot Caruthersville
1%
MO Barry Cassville
1%
WA Wahkiakum Cathlamet
1%
GA Polk Cedartown
1%
LA St. Bernard Chalmette
1%
NE Deuel Chappell
1%
OH Geauga Chardon
1%
IA Lucas Chariton
1%
VA Charlotte Charlotte Court House
1%
AL Washington Chatom
1%
GA Murray Chatsworth
1%
OK Grady Chickasha
1%
FL Washington Chipley
1%
MT Teton Choteau
1%
OK Rogers Claremore
1%
IA Page Clarinda
1%
GA Evans Claxton
1%
KS Clay Clay Center
1%
NE Clay Clay Center
1%
VA Dickenson Clintwood
1%
OK Coal Coalgate
1%
GA Miller Colquitt
1%
IN Whitley Columbia City
1%
OR Gilliam Condon
1%
IN Fayette Connersville
1%
LA St. James Convent
1%
GA Rockdale Conyers
1%
OR Coos Coquille
1%
GA Crisp Cordele
1%
MI Shiawassee Corunna
1%
IN Harrison Corydon
1%
IA Wayne Corydon
1%
KS Chase Cottonwood Falls
1%
PA Potter Coudersport
1%
KS Morris Council Grove
1%
WA Island Coupeville
1%
VA Southampton Courtland
1%
LA Red River Coushatta
1%
WI Forest Crandon
1%
IA Howard Cresco
1%
IA Union Creston
1%
FL Dixie Cross City
1%
TN Cumberland Crossville
1%
MI Iron Crystal Falls
1%
GA Chattahoochee Cusseta
1%
GA Randolph Cuthbert
1%
KY Harrison Cynthiana
1%
AL Tallapoosa Dadeville
1%
GA McDuffie Danielsville
1%
NE Butler David City
1%
GA Dawson Dawsonville
1%
AR Sevier De Queen
1%
SD Kingsbury De Smet
1%
AR Arkansas DeWitt / Stuttgart
1%
KS Lane Dighton
1%
NC Surry Dobson
1%
LA Ascension Donaldsonville
1%
GA Seminole Donalsonville
1%
MO Ripley Doniphan
1%
AL Winston Double Springs
1%
TN Sequatchie Dunlap
1%
SD Ziebach Dupree
1%
WI Pepin Durand
1%
GA Dodge Eastman
1%
VA Northampton Eastville
1%
GA Putnam Eatonton
1%
PA Cambria Ebensburg
1%
KY Lyon Eddyville
1%
NC Chowan Edenton
1%
LA St. John the Baptist Edgard
1%
MT Carter Ekalaka
1%
GA Elbert Elberton
1%
IA Clayton Elkader
1%
SD Union Elk Point
1%
GA Schley Ellaville
1%
ND Dickey Ellendale
1%
GA Gilmer Ellijay
1%
NE Gosper Elwood
1%
MO Shannon Eminence
1%
IA Palo Alto Emmetsburg
1%
PA Cameron Emporium
1%
IN Crawford English
1%
TN Houston Erin
1%
TN Unicoi Erwin
1%
IA Emmet Estherville
1%
AR Carroll Eureka Springs / Berryville
1%
NE Jefferson Fairbury
1%
NE Richardson Falls City
1%
LA Union Farmerville
1%
VA Botetourt Fincastle
1%
ND Steele Finley
1%
GA Ben Hill Fitzgerald
1%
KY Fleming Flemingsburg
1%
GA Charlton Folkston
1%
NY Montgomery Fonda
1%
AR Dallas Fordyce
1%
IA Winnebago Forest City
1%
ND Sargent Forman
1%
MT Chouteau Fort Benton
1%
NY Washington Fort Edward
1%
GA Clay Fort Gaines
1%
SD Stanley Fort Pierre
1%
GA Peach Fort Valley
1%
ND Sioux Fort Yates
1%
IN Benton Fowler
1%
MO Madison Fredericktown
1%
NJ Monmouth Freehold Borough
1%
WI Adams Friendship
1%
SC Cherokee Gaffney
1%
TN Jackson Gainesboro
1%
IA Hancock Garner
1%
KS Anderson Garnett
1%
VA Scott Gate City
1%
NE Scotts Bluff Gering
1%
KS Crawford Girard
1%
WV Gilmer Glenville
1%
IL Pope Golconda
1%
KS Gove Gove City
1%
MO Worth Grant City
1%
IN Putnam Greencastle
1%
FL Clay Green Cove Springs
1%
KY Greenup Greenup
1%
AL Clarke Grove Hill
1%
AL Marshall Guntersville
1%
IA Guthrie Guthrie Center
1%
LA St. Charles Hahnville
1%
KY Breckinridge Hardinsburg
1%
MT Wheatland Harlowton
1%
KY Mercer Harrodsburg
1%
IN Blackford Hartford City
1%
TN Trousdale Hartsville
1%
MO Wright Hartville
1%
GA Pulaski Hawkinsville
1%
NC Clay Hayesville
1%
AL Lowndes Hayneville
1%
SD Hamlin Hayti
1%
GA Jeff Davis Hazlehurst
1%
MS Copiah Hazlehurst
1%
AR Cleburne Heber Springs
1%
AL Cleburne Heflin
1%
OR Morrow Heppner
1%
MO Gasconade Hermann
1%
MO Hickory Hermitage
1%
GA Towns Hiawassee
1%
KS Brown Hiawatha
1%
KY Fulton Hickman
1%
KS Graham Hill City
1%
VA Carroll Hillsville
1%
KY Knott Hindman
1%
WV Summers Hinton
1%
OK Hughes Holdenville
1%
NE Phelps Holdrege
1%
MS Marshall Holly Springs
1%
KS Jackson Holton
1%
GA Clinch Homerville
1%
PA Wayne Honesdale
1%
KS Sheridan Hoxie
1%
KS Stevens Hugoton
1%
WI Iron Hurley
1%
KY Leslie Hyden
1%
VT Lamoille Hyde Park
1%
MT Treasure Hysham
1%
IA Ida Ida Grove
1%
KY Martin Inez
1%
KS Allen Iola
1%
GA Wilkinson Irwinton
1%
MS Tishomingo Iuka
1%
MN Lincoln Ivanhoe
1%
IL Jersey Jerseyville
1%
GA Wayne Jesup
1%
KS Hodgeman Jetmore
1%
TN Washington Jonesborough
1%
SD Jackson Kadoka
1%
MO Clark Kahoka
1%
SD Lyman Kennebec
1%
MO Dunklin Kennett
1%
IN Newton Kentland
1%
WI Menominee Keshena
1%
WV Mineral Keyser
1%
SC Williamsburg Kingstree
1%
WV Preston Kingwood
1%
KS Edwards Kinsley
1%
NC Lenoir Kinston
1%
PA Armstrong Kittanning
1%
MS Attala Kosciusko
1%
FL Hendry LaBelle
1%
WI Rusk Ladysmith
1%
SD Charles Mix Lake Andes
1%
FL Union Lake Butler
1%
NY Hamilton Lake Pleasant
1%
AR Chicot Lake Village
1%
KS Kearny Lakin
1%
ND LaMoure LaMoure
1%
ND Cavalier Langdon
1%
KS Pawnee Larned
1%
MS Jones Laurel / Ellisville
1%
NC Scotland Laurinburg
1%
MN Le Sueur Le Center
1%
MD St. Mary's Leonardtown
1%
KS Wichita Leoti
1%
NC Harnett Lillington
1%
MO Linn Linneus
1%
ND Emmons Linton
1%
NY Cattaraugus Little Valley
1%
MN Todd Long Prairie
1%
NC Franklin Louisburg
1%
NE Sherman Loup City
1%
VA Nelson Lovingston
1%
NY Lewis Lowville
1%
MS George Lucedale
1%
GA Long Ludowici
1%
GA Stewart Lumpkin
1%
VA Page Luray
1%
KS Osage Lyndon
1%
FL Baker Macclenny
1%
OK Marshall Madill
1%
ID Oneida Malad City
1%
AR Hot Spring Malvern
1%
OK Greer Mangum
1%
NC Dare Manteo
1%
MN Dodge Mantorville
1%
IA Jackson Maquoketa
1%
MO Bollinger Marble Hill
1%
WV Pocahontas Marlinton
1%
MS Issaquena Mayersville
1%
ND Sheridan McClusky
1%
PA Fulton McConnellsburg
1%
OH Morgan McConnelsville
1%
KY Jackson McKee
1%
IL Hamilton McLeansboro
1%
GA Telfair McRae
1%
KS Barber Medicine Lodge
1%
GA Candler Metter
1%
VT Addison Middlebury
1%
PA Juniata Mifflintown
1%
SD Grant Milbank
1%
NC Davie Mocksville
1%
ND Renville Mohall
1%
SC Berkeley Moncks Corner
1%
WI Marquette Montello
1%
WA Grays Harbor Montesano
1%
MO Montgomery Montgomery City
1%
VA Westmoreland Montross
1%
WV Hardy Moorefield
1%
FL Glades Moore Haven
1%
KY Union Morganfield
1%
AR Conway Morrilton
1%
ND Hettinger Mott
1%
AL Lawrence Moulton
1%
TN Johnson Mountain City
1%
IL Wabash Mount Carmel
1%
IL Carroll Mount Carroll
1%
OH Morrow Mount Gilead
1%
AR Montgomery Mount Ida
1%
IL Brown Mount Sterling
1%
KY Montgomery Mount Sterling
1%
MI Macomb Mt. Clemens
1%
NE Hooker Mullen
1%
SD Jones Murdo
1%
IL Jackson Murphysboro
1%
GA Brantley Nahunta
1%
LA Assumption Napoleonville
1%
WI Clark Neillsville
1%
KS Ness Ness City
1%
PA Perry New Bloomfield
1%
OK Washita New Cordell
1%
WV Hancock New Cumberland
1%
IA Chickasaw New Hampton
1%
OK Kay Newkirk
1%
NC Avery Newland
1%
OH Perry New Lexington
1%
WV Wetzel New Martinsville
1%
LA Pointe Coupee New Roads
1%
ND Eddy New Rockford
1%
KY Jessamine Nicholasville
1%
NH Grafton North Haverhill
1%
IA Worth Northwood
1%
OK Nowata Nowata
1%
LA West Carroll Oak Grove / West Carroll Parish
1%
GA Irwin Ocilla
1%
GA Marion Oglethorpe
1%
OK Okfuskee Okemah
1%
SD Hutchinson Olivet
1%
IL Richland Olney
1%
IA Monona Onawa
1%
SD Sully Onida
1%
IL Henderson Oquawka
1%
ID Clearwater Orofino
1%
MN Big Stone Ortonville
1%
KS Osborne Osborne
1%
IA Mahaska Oskaloosa
1%
KS Jefferson Oskaloosa
1%
NH Carroll Ossipee
1%
NY Tioga Owego
1%
KY Owen Owenton
1%
KY Johnson Paintsville
1%
KS Miami Paola
1%
IN Orange Paoli
1%
NE Sarpy Papillion
1%
OK Garvin Pauls Valley
1%
NE Pawnee Pawnee City
1%
IL Ford Paxton
1%
VA Giles Pearisburg
1%
NE Thurston Pender
1%
NY Yates Penn Yan
1%
WV Barbour Philippi
1%
AR Clay Piggott / Corning
1%
IL Perry Pinckneyville
1%
MO Platte Platte City
1%
NE Cass Plattsmouth
1%
MT Sheridan Plentywood
1%
LA Plaquemines Pointe à la Hache
1%
MS Pontotoc Pontotoc
1%
LA West Baton Rouge Port Allen
1%
MS Claiborne Port Gibson
1%
OK Le Flore Poteau
1%
MO Washington Potosi
1%
MS Jefferson Davis Prentiss
1%
KY Floyd Prestonsburg
1%
IA O'Brien Primghar
1%
MD Calvert Prince Frederick
1%
WA Benton Prosser
1%
OK Mayes Pryor
1%
OK McClain Purcell
1%
MS Lamar Purvis
1%
NC Hoke Raeford
1%
LA Richland Rayville
1%
NE Webster Red Cloud
1%
SD Spink Redfield
1%
IA Montgomery Red Oak
1%
MI Osceola Reed City
1%
GA Tattnall Reidsville
1%
SC Jasper Ridgeland
1%
PA Elk Ridgway
1%
AR Cleveland Rison
1%
NC Graham Robbinsville
1%
IA Lyon Rock Rapids
1%
IA Calhoun Rockwell City
1%
TN Hawkins Rogersville
1%
MS Sharkey Rolling Fork
1%
WV Hampshire Romney
1%
MT Musselshell Roundup
1%
NC Person Roxboro
1%
VA Campbell Rustburg
1%
NC Rutherford Rutherfordton
1%
TN Grainger Rutledge
1%
MT Golden Valley Ryegate
1%
OK Sequoyah Sallisaw
1%
GA Washington Sandersville
1%
KY Elliott Sandy Hook
1%
OK Creek Sapulpa
1%
MT Daniels Scobey
1%
IN Scott Scottsburg
1%
KS Chautauqua Sedan
1%
SD Walworth Selby
1%
TN McNairy Selmer
1%
MS Tate Senatobia
1%
KS Wallace Sharon Springs
1%
IL Gallatin Shawneetown
1%
WI Washburn Shell Lake
1%
KY Bullitt Shepherdsville
1%
IN Martin Shoals
1%
IA Osceola Sibley
1%
SD Roberts Sisseton
1%
MN Murray Slayton
1%
PA McKean Smethport
1%
KS Smith Smith Center
1%
KY Livingston Smithland
1%
TN Hancock Sneedville
1%
GA Treutlen Soperton
1%
AK Southeast Fairbanks Southeast Fairbanks
1%
IA Dickinson Spirit Lake
1%
NE Keya Paha Springview
1%
VA Greene Stanardsville
1%
NE Logan Stapleton
1%
AR Lincoln Star City
1%
GA Echols Statenville
1%
MO Crawford Steelville
1%
LA West Feliciana St. Francisville
1%
OK Haskell Stigler
1%
OK Adair Stilwell
1%
ID Benewah St. Maries
1%
LA St. Martin St. Martinville
1%
NE Frontier Stockville
1%
KS Haskell Sublette
1%
WV Nicholas Summersville
1%
PA Northumberland Sunbury
1%
MI Leelanau Suttons Bay Township
1%
GA Emanuel Swainsboro
1%
NC Hyde Swan Quarter
1%
GA Screven Sylvania
1%
GA Worth Sylvester
1%
GA Talbot Talbotton
1%
LA Madison Tallulah
1%
OK Dewey Taloga
1%
VA Essex Tappahannock
1%
NC Edgecombe Tarboro
1%
FL Lake Tavares
1%
MI Iosco Tawas City
1%
IN Perry Tell City
1%
MT Sanders Thompson Falls
1%
SD Dewey Timber Lake
1%
PA Forest Tionesta
1%
TN Lake Tiptonville
1%
GA Stephens Toccoa
1%
KY Monroe Tompkinsville
1%
IL Stark Toulon
1%
PA Bradford Towanda
1%
ND McHenry Towner
1%
KS Greeley Tribune
1%
NE McPherson Tryon
1%
PA Wyoming Tunkhannock
1%
IL Douglas Tuscola
1%
MS Walthall Tylertown
1%
AL Bullock Union Springs
1%
KY Lewis Vanceburg
1%
IL Fayette Vandalia
1%
IN Switzerland Vevay
1%
LA Evangeline Ville Platte
1%
NC Anson Wadesboro
1%
OK Wagoner Wagoner
1%
NE Saunders Wahoo
1%
KS Trego WaKeeney
1%
AR Scott Waldron
1%
SC Oconee Walhalla
1%
AR Lawrence Walnut Ridge
1%
SC Colleton Walterboro
1%
NY Madison Wampsville
1%
IA Louisa Wapello
1%
VA Bath Warm Springs
1%
TN Morgan Wartburg
1%
MS Yalobusha Water Valley / Coffeeville
1%
ND McKenzie Watford City
1%
GA Oconee Watkinsville
1%
OK Blaine Watonga
1%
IL Iroquois Watseka
1%
FL Hardee Wauchula
1%
IA Allamakee Waukon
1%
OK Jefferson Waurika
1%
OH Fulton Wauseon
1%
WI Waushara Wautoma
1%
IA Hamilton Webster City
1%
WV Webster Webster Springs
1%
AL Randolph Wedowee
1%
PA Tioga Wellsboro
1%
WV Brooke Wellsburg
1%
NC Rockingham Wentworth
1%
SD Jerauld Wessington Springs
1%
MI Ogemaw West Branch
1%
KY Morgan West Liberty
1%
MO Howell West Plains
1%
AL Elmore Wetumpka
1%
OK Seminole Wewoka
1%
MI Newaygo White Cloud
1%
KY Letcher Whitesburg
1%
KY Ballard Wickliffe
1%
MS Stone Wiggins
1%
OK Latimer Wilburton
1%
IN Pulaski Winamac
1%
MN Cottonwood Windom
1%
SD Tripp Winner
1%
MT Petroleum Winnett
1%
IA Madison Winterset
1%
NC Hertford Winton
1%
ME Lincoln Wiscasset
1%
GA Camden Woodbine
1%
OH Monroe Woodsfield
1%
AR Cross Wynne
1%
NC Yadkin Yadkinville
1%
NC Caswell Yanceyville
1%
KS Woodson Yates Center
1%
AR Marion Yellville
1%
AK Yukon-Koyukuk Yukon-Koyukuk
1%
KY Carlisle Bardwell
0%
KY Lee Beattyville
0%
MS Humphreys Belzoni
0%
NE Dundy Benkelman
0%
KY Cumberland Burkesville
0%
NE Garfield Burwell
0%
KY Boyd Catlettsburg
0%
TN Jefferson Dandridge
0%
TN Decatur Decaturville
0%
AR Prairie Des Arc / DeValls Bluff
0%
SD Faulk Faulkton
0%
ND Wells Fessenden
0%
SD Moody Flandreau
0%
KY Menifee Frenchburg
0%
SD Buffalo Gann Valley
0%
IA Grundy Grundy Center
0%
NE Cedar Hartington
0%
KY Hancock Hawesville
0%
NE Hayes Hayes Center
0%
VA Northumberland Heathsville
0%
SD Hyde Highmore
0%
KY LaRue Hodgenville
0%
TN Lewis Hohenwald
0%
NC Duplin Kenansville
0%
IA Van Buren Keosauqua
0%
MO Chariton Keytesville
0%
MS Greene Leakesville
0%
KY Grayson Leitchfield
0%
SD McPherson Leola
0%
TN Union Maynardville
0%
MS Simpson Mendenhall
0%
WV Tyler Middlebourne
0%
ND Benson Minnewaukan
0%
IA Ringgold Mount Ayr
0%
KY Robertson Mount Olivet
0%
KY Hart Munfordville
0%
NE Antelope Neligh
0%
MS Perry New Augusta
0%
KY Bath Owingsville
0%
SD Aurora Plankinton
0%
MS Pearl River Poplarville
0%
KY Magoffin Salyersville
0%
IA Keokuk Sigourney
0%
NE Burt Tekamah
0%
NE Thomas Thedford
0%
SD Bon Homme Tyndall
0%
MS Webster Walthall
0%
KY McCreary Whitley City
0%
NE Saline Wilber
0%
No matching quizzes found
Score Distribution
Percent of People with Each Score
Percentile by Number Answered
Your Score History
You have not taken this quiz